Statistics for 隣接する市区町村(ランダム)

Click here to take the quiz!

General Stats

  • This quiz has been taken 107 times
    (106 since last reset)
  • The average score is 6 of 10

Answer Stats

QuestionAnswer% Correct
つくばみらい市、取手市、常総市、野田市、柏市守谷市
100%
石巻市、松島町、美里町東松島市
100%
武蔵村山市、羽村市、福生市、青梅市、入間市、所沢市瑞穂町
100%
宿毛市、土佐清水市大月町
100%
角田市、亘理町、新地町、丸森町山元町
100%
川崎市、大和市、鎌倉市、逗子市、藤沢市、横須賀市、町田市横浜市
100%
大河原町、村田町、角田市、亘理町、岩沼市柴田町
100%
加美町、美里町、色麻町、大衡村、涌谷町、大郷町、栗原市、登米市、松島町、最上町、湯沢市大崎市
100%
海老名市、伊勢原市、座間市、寒川町、清川村、愛川町、平塚市、相模原市、秦野市厚木市
100%
涌谷町、大崎市、松島町、東松島市、石巻市美里町
100%
座間市、綾瀬市、町田市、海老名市、相模原市、横浜市、藤沢市大和市
100%
城陽市、久御山町、宇治田原町、京都市、大津市宇治市
100%
厚木市、綾瀬市、座間市、大和市、寒川町、藤沢市海老名市
100%
福知山市、京丹波町、舞鶴市、南丹市、高浜町、おおい町綾部市
100%
大津市、向日市、長岡京市、大山崎町、宇治市、久御山町、八幡市、島本町、亀岡市、高槻市、南丹市、高島市京都市
100%
松田町、開成町、中井町、小田原市、秦野市大井町
100%
福生市、日の出町、羽村市、青梅市、八王子市、檜原村、奥多摩町あきる野市
100%
小坂町、北秋田市、鹿角市、藤里町、大鰐町、平川市、弘前市、西目屋村大館市
100%
大船渡市、陸前高田市、遠野市、釜石市、奥州市、一関市住田町
100%
八幡浜市伊方町
100%
琴平町、善通寺市、綾川町、丸亀市、三豊市、三好市、東みよし町、高松市、美馬市まんのう町
100%
渋谷区、豊島区、中野区、千代田区、文京区、港区新宿区
100%
鬼北町、松野町、西予市、愛南町、宿毛市、四万十市宇和島市
100%
大東市、八尾市、大阪市、生駒市、平群町東大阪市
100%
東根市、中山町、河北町、寒河江市、山形市天童市
100%
守口市、大東市、寝屋川市、大阪市門真市
100%
鮭川村、舟形町、大蔵村、真室川町、金山町、戸沢村、最上町、湯沢市新庄市
100%
小平市、国立市、小金井市、府中市、立川市国分寺市
100%
台東区、墨田区、文京区、足立区、北区荒川区
100%
奈半利町、北川村、東洋町室戸市
100%
葛飾区、市川市、江東区、墨田区、浦安市、松戸市江戸川区
100%
北秋田市、八峰町、能代市、大館市、西目屋村、鰺ヶ沢町藤里町
100%
摂津市、豊中市、大阪市、茨木市、箕面市吹田市
100%
井川町、五城目町、男鹿市、秋田市、大潟村潟上市
100%
大槌町、宮古市山田町
100%
聖籠町、胎内市、阿賀野市、新潟市、阿賀町、小国町、喜多方市新発田市
100%
まんのう町、善通寺市、三豊市琴平町
100%
佐世保市佐々町
100%
松浦市、佐世保市平戸市
100%
釧路市、浦幌町、本別町、足寄町白糠町
100%
長崎市西海市
100%
穴水町、能登町、珠洲市、志賀町輪島市
100%
津幡町、内灘町、宝達志水町かほく市
100%
置戸町、訓子府町、足寄町、津別町陸別町
100%
白山市、金沢市野々市市
100%
玉城町、度会町、明和町、鳥羽市、南伊勢町、志摩市伊勢市
100%
氷川町、宇城市、美里町、五木村、芦北町、球磨村、山江村、山都町、水上村、椎葉村八代市
100%
美浜町南知多町
100%
刈谷市、大府市、高浜市、阿久比町、東海市、知多市、半田市東浦町
100%
和水町、玉東町、長洲町、荒尾市、南関町、熊本市玉名市
100%
蟹江町、弥富市、名古屋市飛島村
100%
永平寺町、坂井市、鯖江市、越前町、越前市、池田町、勝山市、大野市福井市
100%
松阪市、亀山市、鈴鹿市、伊賀市、名張市、御杖村、曽爾村津市
100%
高岡市、富山市、砺波市射水市
100%
長岡市、魚沼市、十日町市小千谷市
100%
長岡市、柏崎市出雲崎町
100%
大川市、筑後市、柳川市、久留米市大木町
100%
中津市、上毛町、豊前市吉富町
100%
横浜町、野辺地町、東北町、三沢市、東通村六ヶ所村
100%
六ヶ所村、東通村、むつ市、野辺地町横浜町
100%
小城市、神埼市、大川市、柳川市、多久市、糸島市、唐津市、福岡市佐賀市
100%
東北町、十和田市、平内町、青森市七戸町
100%
柏崎市、長岡市刈羽村
100%
六戸町、五戸町、東北町、七戸町、新郷村、青森市、小坂町、平川市、鹿角市十和田市
100%
舟橋村、立山町、射水市、上市町、滑川市、砺波市、南砺市、飛騨市、大町市、高山市富山市
100%
鹿島市、武雄市、白石町、波佐見町、東彼杵町、川棚町、大村市嬉野市
100%
魚津市、入善町、朝日町、上市町、立山町、白馬村、大町市黒部市
100%
上峰町、久留米市、吉野ヶ里町、鳥栖市、神埼市、那珂川市みやき町
100%
野辺地町、青森市、七戸町、東北町平内町
100%
五所川原市、鶴田町、鰺ヶ沢町、中泊町、弘前市つがる市
100%
鮭川村、金山町、新庄市、酒田市、湯沢市、由利本荘市真室川町
100%
坂出市、丸亀市宇多津町
100%
様似町、広尾町えりも町
100%
新庄村、高梁市、日南町、真庭市、日野町、庄原市新見市
100%
邑南町、美郷町、大田市、江津市川本町
100%
関市、郡上市美濃市
100%
太田市、邑楽町、佐野市、桐生市、館林市足利市
100%
白岡市、幸手市、宮代町、杉戸町、蓮田市、五霞町、加須市、桶川市、鴻巣市、古河市久喜市
100%
里庄町、浅口市、井原市、福山市、矢掛町笠岡市
100%
高取町、橿原市、桜井市、吉野町、大淀町明日香村
100%
明日香村、御所市、大淀町、橿原市、吉野町高取町
100%
富士見市、朝霞市、三芳町、新座市、さいたま市志木市
100%
松伏町、越谷市、流山市、野田市、三郷市、草加市吉川市
100%
北本市、吉見町、桶川市、川越市、坂戸市、東松山市、上尾市川島町
100%
勝央町、美作市、智頭町、津山市奈義町
100%
米子市、南部町、江府町、大山町、日野町伯耆町
100%
桜井市、東吉野村、曽爾村、吉野町、名張市、山添村、奈良市宇陀市
100%
高梁市、総社市、真庭市、美咲町、岡山市吉備中央町
100%
朝霞市、練馬区、戸田市、板橋区和光市
100%
那須塩原市、矢板市、那須町、那珂川町、さくら市、大子町、棚倉町大田原市
100%
小美玉市、茨城町、水戸市、城里町、石岡市、桜川市、茂木町笠間市
100%
東村山市、清瀬市、三芳町、東大和市、狭山市、入間市、新座市、武蔵村山市、瑞穂町、川越市所沢市
100%
館林市、明和町、羽生市、佐野市、加須市、栃木市板倉町
100%
館林市、羽生市、板倉町、千代田町、行田市明和町
100%
串本町、那智勝浦町、新宮市、すさみ町、田辺市、白浜町古座川町
100%
小鹿野町、上野村、下仁田町、南牧村、秩父市、藤岡市神流町
100%
桐生市、伊勢崎市、太田市、佐野市、沼田市、鹿沼市、日光市みどり市
100%
甘楽町、安中市、下仁田町、高崎市富岡市
100%
倉吉市、湯梨浜町、鳥取市、鏡野町、真庭市三朝町
100%
塩谷町、大田原市、さくら市、那須塩原市矢板市
100%
紀宝町、那智勝浦町、熊野市、古座川町、十津川村、田辺市新宮市
100%
上里町、美里町、伊勢崎市、神川町、玉村町、深谷市、長瀞町、皆野町本庄市
100%
米子市日吉津村
100%
杉戸町、宮代町、松伏町、白岡市、越谷市、野田市、さいたま市春日部市
100%
伯耆町、米子市、安来市、日野町、日南町南部町
100%
下野市、栃木市、宇都宮市、鹿沼市壬生町
100%
我孫子市、つくばみらい市、守谷市、柏市、利根町、龍ケ崎市取手市
100%
下市町、大淀町、橋本市、御所市、千早赤阪村、黒滝村、河内長野市、高野町、天川村、野迫川村、上北山村、十津川村五條市
100%
関川村、飯豊町、長井市、胎内市、村上市、新発田市、朝日町、喜多方市、西川町小国町
100%
東金市、白子町、茂原市、九十九里町、千葉市大網白里市
100%
つるぎ町、阿波市、吉野川市、神山町、三木町、東かがわ市、さぬき市、三好市、まんのう町、高松市、那賀町美馬市
100%
東みよし町、観音寺市、まんのう町、三豊市、つるぎ町、四国中央市、大豊町、美馬市、香美市、那賀町三好市
100%
伊丹市、川西市、西宮市、猪名川町、三田市、神戸市宝塚市
100%
加東市、多可町、加西市、丹波市、丹波篠山市西脇市
100%
館山市、鋸南町、鴨川市南房総市
100%
相生市、上郡町、備前市赤穂市
100%
宝塚市、池田市、川西市、尼崎市、豊中市、西宮市伊丹市
100%
阿波市、上板町、石井町、神山町、美馬市吉野川市
100%
大玉村、二本松市、三春町、郡山市本宮市
100%
稲美町、播磨町、神戸市、加古川市明石市
100%
多古町、富里市、横芝光町、山武市、成田市芝山町
100%
三木町、さぬき市、綾川町、坂出市、玉野市、まんのう町、美馬市高松市
100%
一宮町、長生村、長南町、茂原市、大多喜町、いすみ市睦沢町
100%
千早赤阪村、富田林市、太子町、葛城市、御所市河南町
100%
加古川市、姫路市高砂市
100%
徳島市、勝浦町、阿南市小松島市
100%
那珂市、常陸大宮市、日立市、高萩市、大子町、矢祭町、塙町常陸太田市
100%
防府市、美祢市、萩市、宇部市、周南市、吉賀町、津和野町山口市
100%
広島市、大竹市、岩国市、安芸太田町、益田市廿日市市
100%
旭市、東庄町、神栖市銚子市
100%
相生市、赤穂市、佐用町、たつの市、備前市上郡町
100%
習志野市、市川市、鎌ケ谷市、八千代市、白井市船橋市
100%
浪江町、大熊町双葉町
100%
たつの市、姫路市太子町
100%
匝瑳市、東庄町、銚子市、香取市旭市
100%
猪名川町、宝塚市、丹波篠山市、神戸市、加東市、三木市三田市
100%
船橋市、八千代市、千葉市習志野市
100%
下松市、田布施町、柳井市、周南市、岩国市光市
100%
西脇市、小野市、加西市、三木市、三田市、丹波篠山市加東市
100%
養父市、豊岡市、丹波市、福知山市、神河町、多可町、宍粟市朝来市
100%
平生町、柳井市上関町
100%
白井市、市川市、松戸市、船橋市、柏市鎌ケ谷市
100%
美浜町、南越前町、高島市、長浜市敦賀市
100%
大和市、海老名市、厚木市、相模原市座間市
100%
沼田市、渋川市昭和村
100%
北中城村、北谷町、嘉手納町、うるま市、読谷村、恩納村沖縄市
100%
高山市、白川村、南砺市、富山市飛騨市
100%
中野市、高山村、木島平村、栄村、中之条町山ノ内町
100%
東伊豆町、下田市、松崎町、西伊豆町、伊豆市河津町
100%
岩内町、泊村、倶知安町、蘭越町、仁木町、古平町共和町
100%
国富町、宮崎市、小林市、西米良村綾町
100%
秩父別町、北竜町、深川市、留萌市、小平町沼田町
100%
歌志内市、滝川市、芦別市、砂川市、深川市赤平市
100%
白馬村、糸魚川市、長野市、妙高市小谷村
100%
小谷村、小川村、大町市、長野市、糸魚川市、朝日町、黒部市白馬村
100%
利尻富士町利尻町
100%
南種子町、西之表市中種子町
100%
坂城町、麻績村、長野市、筑北村、上田市千曲市
100%
那覇市、八重瀬町、南風原町、糸満市豊見城市
100%
高浜市、西尾市、安城市碧南市
100%
原村、茅野市、北杜市、伊那市富士見町
100%
関ケ原町、養老町、大垣市、池田町、揖斐川町垂井町
100%
木島平村、野沢温泉村、中野市、信濃町、飯綱町、妙高市、栄村、上越市飯山市
100%
薩摩川内市、伊佐市、出水市、湧水町、霧島市さつま町
100%
御殿場市、山北町、南足柄市、山中湖村、箱根町、富士吉田市、鳴沢村、富士宮市小山町
100%
忍野村、富士吉田市、小山町、都留市、道志村、山北町山中湖村
100%
池田町、大野町、本巣市、垂井町、関ケ原町、長浜市、米原市、池田町、南越前町、大野市揖斐川町
100%
本巣市、揖斐川町、池田町、神戸町、瑞穂市大野町
100%
御代田町、東御市、佐久市、嬬恋村小諸市
100%
宇検村、奄美市瀬戸内町
100%
牧之原市、島田市、焼津市吉田町
100%
音威子府村、遠別町、中頓別町、天塩町、幌延町、美深町、幌加内町中川町
100%
安城市、幸田町、豊田市、西尾市、蒲郡市、豊川市、新城市岡崎市
100%
安曇野市、山形村、塩尻市、朝日村、筑北村、岡谷市、青木村、下諏訪町、長和町、上田市、大町市、木祖村、木曽町、高山市松本市
100%
北斗市、函館市、鹿部町、森町七飯町
100%
千歳市、白老町、安平町、厚真町苫小牧市
100%
幸田町、豊川市、岡崎市、西尾市蒲郡市
100%
刈谷市、安城市、豊田市知立市
100%
焼津市、島田市、静岡市藤枝市
100%
豊橋市、浜松市湖西市
100%
飛騨市、白川村、下呂市、郡上市、木曽町、富山市、松本市、大町市、大野市、白山市高山市
100%
木曽岬町、愛西市、蟹江町、桑名市、飛島村弥富市
100%
由仁町、長沼町、夕張市、岩見沢市栗山町
100%
豊浦町、壮瞥町、伊達市、留寿都村、真狩村洞爺湖町
100%
南越前町、越前市、鯖江市、大野市、福井市、揖斐川町池田町
100%
高千穂町、諸塚村、美郷町、延岡市、豊後大野市、佐伯市日之影町
100%
鯖江市、越前市、福井市、南越前町越前町
100%
津島市、弥富市、蟹江町、あま市、桑名市、海津市、稲沢市愛西市
100%
多治見市、瑞浪市、御嵩町、可児市、瀬戸市、豊田市土岐市
100%
東串良町、鹿屋市、錦江町、南大隅町肝付町
100%
奈井江町、美唄市、新十津川町、月形町、当別町浦臼町
100%
三笠市、新篠津村、栗山町、美唄市、南幌町、月形町、長沼町、江別市、夕張市岩見沢市
100%
美濃加茂市、御嵩町、坂祝町、八百津町、犬山市、多治見市、土岐市可児市
100%
養父市、香美町、朝来市、京丹後市、与謝野町、福知山市豊岡市
50%
若狭町、敦賀市、高島市美浜町
50%
木更津市、市原市袖ケ浦市
50%
碧南市、東浦町、半田市、刈谷市、安城市高浜市
50%
沖縄市、金武町、恩納村うるま市
50%
奄美市龍郷町
50%
春日市、宇美町、太宰府市、那珂川市、筑紫野市、福岡市大野城市
50%
鯖江市、南越前町、越前町、池田町、福井市越前市
50%
渋谷区、世田谷区、品川区、大田区目黒区
50%
留寿都村、京極町、真狩村、倶知安町、ニセコ町、伊達市、札幌市喜茂別町
50%
真鶴町、熱海市、箱根町、小田原市、函南町湯河原町
50%
大台町、紀北町、度会町、南伊勢町大紀町
50%
富岡市、高崎市、下仁田町、藤岡市甘楽町
33%
川西市、能勢町、宝塚市、三田市、丹波篠山市猪名川町
0%
淡路市、南あわじ市洲本市
0%
八百津町、美濃加茂市、七宗町川辺町
0%
河南町、富田林市、香芝市、羽曳野市、葛城市太子町
0%
白川町、川辺町、八百津町、美濃加茂市、関市、下呂市七宗町
0%
西脇市、加西市、市川町、神河町、丹波市、朝来市多可町
0%
御嵩町、川辺町、七宗町、可児市、美濃加茂市、白川町、瑞浪市、恵那市八百津町
0%
太子町、相生市、姫路市、宍粟市、上郡町、佐用町たつの市
0%
加古川市、三木市、明石市、神戸市稲美町
0%
和歌山市、阪南市岬町
0%
泉南市、泉佐野市田尻町
0%
七宗町、八百津町、東白川村、恵那市、下呂市、中津川市白川町
0%
加古川市、明石市播磨町
0%
福崎町、神河町、加西市、多可町、姫路市市川町
0%
市川町、加西市、姫路市福崎町
0%
泉佐野市、貝塚市熊取町
0%
市川町、多可町、宍粟市、姫路市、朝来市神河町
0%
関市、美濃加茂市富加町
0%
美濃加茂市、犬山市、可児市、関市、各務原市坂祝町
0%
和泉市、泉大津市、岸和田市忠岡町
0%
西宮市、神戸市芦屋市
0%
朝来市、豊岡市、香美町、若桜町、宍粟市養父市
0%
たつの市、佐用町、神河町、姫路市、西粟倉村、美作市、若桜町、朝来市、養父市宍粟市
0%
湯河原町、函南町、伊東市、伊豆の国市熱海市
0%
高砂市、播磨町、稲美町、三木市、小野市、姫路市、加西市、明石市加古川市
0%
富士宮市、沼津市、長泉町、裾野市、御殿場市、静岡市富士市
0%
藤枝市、吉田町、牧之原市、菊川市、焼津市、掛川市、森町、静岡市、川根本町、浜松市島田市
0%
太子町、高砂市、たつの市、加古川市、福崎町、加西市、市川町、宍粟市、神河町姫路市
0%
伊豆市、熱海市、伊豆の国市、東伊豆町伊東市
0%
芦屋市、西宮市、明石市、宝塚市、三木市、三田市、稲美町神戸市
0%
赤穂市、たつの市、上郡町相生市
0%
小野市、稲美町、加東市、加古川市、神戸市、三田市三木市
0%
小山町、裾野市、箱根町、富士市、富士宮市御殿場市
0%
河南町、富田林市、河内長野市、御所市、五條市千早赤阪村
0%
富士市、南部町、鳴沢村、御殿場市、身延町、富士河口湖町、富士吉田市、静岡市、小山町富士宮市
0%
清水町、長泉町、函南町、沼津市、裾野市、箱根町三島市
0%
清水町、長泉町、三島市、函南町、伊豆の国市、伊豆市、富士市沼津市
0%
白川町、中津川市東白川村
0%
磐田市、湖西市、森町、新城市、豊橋市、東栄町、島田市、豊根村、川根本町、天龍村、飯田市浜松市
0%
池田市、箕面市、伊丹市、宝塚市、猪名川町、豊能町、能勢町川西市
0%
加東市、三木市、加西市、加古川市小野市
0%
焼津市、藤枝市、島田市、川根本町、南部町、富士市、富士宮市、早川町、身延町、南アルプス市、大鹿村、飯田市、伊那市静岡市
0%
芦屋市、尼崎市、宝塚市、伊丹市、神戸市西宮市
0%
袋井市、浜松市、森町磐田市
0%
伊丹市、西宮市、豊中市、大阪市尼崎市
0%
飛騨市、南砺市、高山市、白山市白川村
0%
藤枝市、吉田町、静岡市、島田市焼津市
0%
八百津町、可児市、土岐市、美濃加茂市、瑞浪市御嵩町
0%
丹波市、三田市、京丹波町、能勢町、南丹市、西脇市、猪名川町、福知山市、加東市丹波篠山市
0%
袋井市、菊川市、森町、島田市、御前崎市掛川市
0%
福知山市、多可町、丹波篠山市、西脇市、朝来市丹波市
0%
福崎町、市川町、小野市、加東市、西脇市、多可町、姫路市、加古川市加西市
0%
平群町、大東市、四條畷市、大和郡山市、東大阪市、奈良市、斑鳩町、交野市、精華町、枚方市、京田辺市生駒市
0%
上郡町、宍粟市、美作市、たつの市、備前市佐用町
0%
川上村、吉野町、宇陀市、曽爾村、御杖村、松阪市東吉野村
0%
美浜町、日高川町、日高町、印南町御坊市
0%
湯浅町、有田川町、海南市有田市
0%
大野町、北方町、山県市、岐阜市、揖斐川町、瑞穂市、関市、大野市本巣市
0%
九度山町、五條市、かつらぎ町、高野町、河内長野市橋本市
0%
紀美野町、和歌山市、有田川町、有田市、紀の川市海南市
0%
岬町、海南市、岩出市、阪南市、紀の川市和歌山市
0%
東吉野村、黒滝村、吉野町、天川村、上北山村、大台町、松阪市川上村
0%
北方町、安八町、岐阜市、大垣市、神戸町、本巣市、大野町瑞穂市
0%
下北山村、天川村、尾鷲市、川上村、十津川村、熊野市、紀北町、五條市、大台町上北山村
0%
北山村、上北山村、十津川村、熊野市下北山村
0%
下北山村、北山村、野迫川村、上北山村、熊野市、新宮市、五條市、田辺市十津川村
0%
高野町、かつらぎ町、五條市、十津川村、有田川町、田辺市野迫川村
0%
美濃市、下呂市、関市、大野市、高山市郡上市
0%
白川町、郡上市、王滝村、七宗町、高山市、木曽町、中津川市、関市下呂市
0%
黒滝村、川上村、上北山村、五條市天川村
0%
上富田町、白浜町、みなべ町、印南町、日高川町、有田川町、古座川町、十津川村、野迫川村、新宮市田辺市
0%
岐阜市、本巣市、関市山県市
0%
輪之内町、愛西市、養老町、羽島市、いなべ市、稲沢市、桑名市海津市
0%
坂祝町、可児市、富加町、川辺町、御嵩町、関市、八百津町、七宗町美濃加茂市
0%
日高町、広川町由良町
0%
美浜町、御坊市、由良町、日高川町、広川町日高町
0%
安八町、輪之内町、笠松町、一宮市、大垣市、稲沢市、海津市、岐阜市羽島市
0%
御坊市、日高町美浜町
0%
中津川市、瑞浪市、平谷村、八百津町、白川町、根羽村、豊田市恵那市
0%
湯浅町、広川町、有田市、海南市、紀美野町、日高川町、かつらぎ町、田辺市、野迫川村有田川町
0%
湯浅町、有田川町、由良町、日高町、日高川町広川町
0%
岩出市、紀美野町、かつらぎ町、泉南市、泉佐野市、海南市、和歌山市、貝塚市、岸和田市紀の川市
0%
広川町、有田川町、有田市湯浅町
0%
野迫川村、九度山町、橋本市、かつらぎ町、五條市高野町
0%
橋本市、かつらぎ町、高野町九度山町
0%
岐南町、扶桑町、江南市、笠松町、岐阜市、犬山市、一宮市、関市、坂祝町各務原市
0%
九度山町、橋本市、高野町、紀の川市、野迫川村、河内長野市、岸和田市、和泉市、紀美野町、有田川町かつらぎ町
0%
海南市、紀の川市、有田川町、かつらぎ町紀美野町
0%
紀の川市、泉南市、和歌山市、阪南市岩出市
0%
天川村、下市町、吉野町、川上村、五條市黒滝村
0%
大淀町、吉野町、黒滝村、五條市下市町
0%
瑞穂市、本巣市、岐阜市北方町
0%
神戸町、揖斐川町、大野町、垂井町、大垣市池田町
0%
安八町、羽島市、海津市、養老町、大垣市輪之内町
0%
羽島市、大垣市、輪之内町、瑞穂市安八町
0%
大和高田市、御所市、香芝市、太子町、河南町葛城市
0%
上牧町、大和高田市、広陵町、太子町、王寺町、葛城市、柏原市、羽曳野市香芝市
0%
猪名川町、豊能町、亀岡市、南丹市、川西市、丹波篠山市能勢町
0%
葛城市、高取町、大和高田市、橿原市、大淀町、河南町、千早赤阪村、五條市御所市
0%
橿原市、明日香村、田原本町、天理市、宇陀市、吉野町、奈良市桜井市
0%
名張市、伊賀市、宇陀市、奈良市山添村
0%
桜井市、明日香村、大和高田市、田原本町、広陵町、高取町、御所市橿原市
0%
田原本町、川西町、三宅町、大和郡山市、桜井市、奈良市天理市
0%
奈良市、安堵町、斑鳩町、川西町、天理市、生駒市大和郡山市
0%
葛城市、広陵町、香芝市、橿原市、御所市大和高田市
0%
大和郡山市、木津川市、精華町、生駒市、天理市、笠置町、桜井市、南山城村、山添村、宇陀市、伊賀市奈良市
0%
岩美町、香美町、鳥取市、若桜町新温泉町
0%
新温泉町、豊岡市、養父市、若桜町香美町
0%
池田町、大野町、大垣市、瑞穂市神戸町
0%
垂井町、大垣市、揖斐川町、米原市関ケ原町
0%
下市町、吉野町、高取町、御所市、明日香村、五條市大淀町
0%
垂井町、輪之内町、大垣市、海津市、いなべ市養老町
0%
大淀町、下市町、高取町、明日香村、黒滝村、東吉野村、川上村、桜井市、宇陀市吉野町
0%
上牧町、王寺町、三宅町、斑鳩町、川西町、安堵町、広陵町河合町
0%
大和高田市、上牧町、三宅町、河合町、田原本町、香芝市、橿原市広陵町
0%
三郷町、斑鳩町、河合町、上牧町、香芝市、柏原市王寺町
0%
河合町、香芝市、王寺町、広陵町上牧町
0%
笠松町、岐阜市、各務原市、一宮市岐南町
0%
岐南町、岐阜市、羽島市、一宮市、各務原市笠松町
0%
曽爾村、東吉野村、松阪市、津市御杖村
0%
三郷町、斑鳩町、生駒市、八尾市、東大阪市平群町
0%
御杖村、名張市、宇陀市、東吉野村、津市曽爾村
0%
三宅町、広陵町、橿原市、天理市、桜井市田原本町
0%
川西町、田原本町、河合町、広陵町、天理市三宅町
0%
三宅町、安堵町、河合町、天理市、大和郡山市川西町
0%
斑鳩町、川西町、河合町、大和郡山市安堵町
0%
安堵町、王寺町、三郷町、河合町、平群町、大和郡山市、生駒市斑鳩町
0%
王寺町、平群町、斑鳩町、柏原市、八尾市三郷町
0%
掛川市、磐田市、森町袋井市
0%
尾張旭市、瀬戸市、日進市、名古屋市、豊田市長久手市
0%
南伊豆町、河津町、松崎町下田市
0%
みよし市、日進市、知立市、岡崎市、長久手市、安城市、瀬戸市、刈谷市、土岐市、瑞浪市、新城市、設楽町、根羽村、恵那市豊田市
0%
玉城町、多気町、伊勢市、南伊勢町、大台町、大紀町度会町
0%
度会町、明和町、伊勢市、多気町玉城町
0%
大紀町、多気町、度会町、紀北町、松阪市、川上村、上北山村大台町
0%
玉城町、多気町、松阪市、伊勢市明和町
0%
玉城町、明和町、松阪市、度会町、大台町多気町
0%
東浦町、大府市、知立市、高浜市、豊明市、安城市、東郷町、みよし市、豊田市刈谷市
0%
朝日町、桑名市、四日市市川越町
0%
川越町、桑名市、四日市市朝日町
0%
大紀町、尾鷲市、大台町、上北山村紀北町
0%
知立市、刈谷市、岡崎市、高浜市、西尾市、碧南市、豊田市安城市
0%
碧南市、幸田町、安城市、岡崎市、蒲郡市西尾市
0%
四日市市、いなべ市、東近江市、甲賀市菰野町
0%
桑名市、いなべ市、四日市市東員町
0%
扶桑町、大口町、坂祝町、各務原市、小牧市、可児市、春日井市、多治見市犬山市
0%
弥富市、桑名市木曽岬町
0%
阿久比町、武豊町、半田市、知多市、美浜町常滑市
0%
志摩市、度会町、伊勢市、大紀町南伊勢町
0%
熊野市、紀宝町御浜町
0%
大口町、扶桑町、岩倉市、小牧市、一宮市、各務原市江南市
0%
草津市、守山市、野洲市、湖南市、大津市、甲賀市栗東市
0%
甲賀市、東近江市日野町
0%
彦根市、長浜市、多賀町、関ケ原町、大垣市、揖斐川町米原市
0%
愛荘町、竜王町、近江八幡市、日野町、多賀町、甲賀市、彦根市、いなべ市、菰野町東近江市
0%
彦根市、長浜市、若狭町、近江八幡市、美浜町、小浜市、敦賀市、おおい町、大津市、京都市、南丹市高島市
0%
竜王町、栗東市、甲賀市、野洲市湖南市
0%
守山市、栗東市、湖南市、竜王町、近江八幡市、大津市野洲市
0%
湖南市、日野町、竜王町、栗東市、東近江市、伊賀市、南山城村、亀山市、大津市、宇治田原町、和束町、菰野町、鈴鹿市、四日市市甲賀市
0%
野洲市、栗東市、草津市、大津市守山市
0%
新宮市、御浜町、熊野市紀宝町
0%
豊橋市、新城市、蒲郡市、岡崎市豊川市
0%
愛西市、あま市、蟹江町津島市
0%
栗東市、守山市、大津市草津市
0%
竜王町、野洲市、東近江市、彦根市、大津市、高島市近江八幡市
0%
米原市、彦根市、高島市、揖斐川町、敦賀市、南越前町長浜市
0%
米原市、多賀町、甲良町、豊郷町、長浜市、愛荘町、東近江市、近江八幡市、高島市彦根市
0%
京都市、草津市、栗東市、守山市、宇治市、野洲市、宇治田原町、近江八幡市、甲賀市、高島市大津市
0%
山添村、南山城村、名張市、甲賀市、亀山市、奈良市、津市伊賀市
0%
南伊勢町、鳥羽市、伊勢市志摩市
0%
豊郷町、甲良町、東近江市、多賀町、彦根市愛荘町
0%
半田市、東浦町、常滑市、知多市阿久比町
0%
豊根村、設楽町、新城市、浜松市東栄町
0%
東栄町、豊根村、根羽村、新城市、豊田市設楽町
0%
蒲郡市、西尾市、岡崎市幸田町
0%
豊橋市田原市
0%
半田市、常滑市、美浜町武豊町
0%
南知多町、武豊町、常滑市美浜町
0%
北名古屋市、名古屋市、あま市、稲沢市、一宮市清須市
0%
岩倉市、豊山町、清須市、小牧市、名古屋市、一宮市北名古屋市
0%
東郷町、大府市、刈谷市、名古屋市豊明市
0%
愛西市、飛島村、弥富市、津島市、あま市、名古屋市蟹江町
0%
あま市、名古屋市大治町
0%
大口町、犬山市、江南市、各務原市扶桑町
0%
扶桑町、江南市、小牧市、犬山市大口町
0%
東郷町、日進市、豊田市、刈谷市みよし市
0%
北名古屋市、小牧市、春日井市、名古屋市豊山町
0%
大治町、津島市、稲沢市、清須市、愛西市、蟹江町、名古屋市あま市
0%
東郷町、みよし市、長久手市、豊田市、名古屋市日進市
0%
東栄町、売木村、設楽町、根羽村、天龍村、阿南町、浜松市豊根村
0%
東員町、海津市、菰野町、養老町、桑名市、多賀町、四日市市、大垣市、東近江市いなべ市
0%
上北山村、紀北町、熊野市尾鷲市
0%
御浜町、北山村、下北山村、紀宝町、新宮市、尾鷲市、上北山村、十津川村熊野市
0%
岩倉市、豊山町、大口町、江南市、北名古屋市、春日井市、犬山市小牧市
0%
あま市、一宮市、清須市、羽島市、愛西市、海津市稲沢市
0%
豊川市、豊橋市、設楽町、東栄町、浜松市、岡崎市、豊田市新城市
0%
伊勢市、志摩市鳥羽市
0%
知多市、大府市、東浦町、名古屋市東海市
0%
鈴鹿市、津市、甲賀市、伊賀市亀山市
0%
東浦町、刈谷市、東海市、豊明市、名古屋市大府市
0%
小牧市、北名古屋市、江南市、一宮市岩倉市
0%
東海市、阿久比町、東浦町、常滑市知多市
0%
山添村、曽爾村、伊賀市、宇陀市、津市名張市
0%
四日市市、亀山市、津市、甲賀市鈴鹿市
0%
朝日町、川越町、木曽岬町、弥富市、東員町、愛西市、四日市市、海津市、いなべ市桑名市
0%
多気町、明和町、津市、大台町、御杖村、東吉野村、川上村松阪市
0%
川越町、朝日町、鈴鹿市、桑名市、菰野町、東員町、いなべ市、甲賀市四日市市
0%
長久手市、瀬戸市、名古屋市尾張旭市
0%
湖南市、近江八幡市、野洲市、東近江市、甲賀市竜王町
0%
豊山町、小牧市、名古屋市、瀬戸市、犬山市、多治見市春日井市
0%
能勢町、箕面市、川西市、亀岡市、茨木市豊能町
0%
摂津市、高槻市、吹田市、箕面市、豊能町、亀岡市茨木市
0%
四條畷市、東大阪市、門真市、寝屋川市、生駒市、大阪市大東市
0%
藤井寺市、羽曳野市、堺市、八尾市、大阪市松原市
0%
大阪狭山市、千早赤阪村、富田林市、和泉市、堺市、橋本市、五條市、かつらぎ町河内長野市
0%
四條畷市、門真市、交野市、枚方市、大東市、摂津市、守口市、高槻市寝屋川市
0%
河南町、大阪狭山市、千早赤阪村、太子町、河内長野市、羽曳野市、堺市富田林市
0%
熊取町、田尻町、貝塚市、泉南市、紀の川市泉佐野市
0%
東大阪市、藤井寺市、柏原市、松原市、平群町、三郷町、大阪市八尾市
0%
交野市、高槻市、寝屋川市、島本町、八幡市、京田辺市、生駒市枚方市
0%
池田市、川西市、豊中市、吹田市、茨木市、豊能町箕面市
0%
門真市、摂津市、寝屋川市、大阪市守口市
0%
岸和田市、熊取町、泉佐野市、紀の川市貝塚市
0%
枚方市、茨木市、島本町、寝屋川市、摂津市、亀岡市、京都市高槻市
0%
忠岡町、和泉市、高石市泉大津市
0%
下田市、松崎町南伊豆町
0%
西伊豆町、南伊豆町、下田市、河津町松崎町
0%
川西市、箕面市、伊丹市、豊中市池田市
0%
忠岡町、泉大津市、高石市、岸和田市、堺市、河内長野市、かつらぎ町和泉市
0%
河津町、伊東市、伊豆市東伊豆町
0%
吹田市、箕面市、池田市、伊丹市、尼崎市、大阪市豊中市
0%
寝屋川市、大東市、交野市、生駒市四條畷市
0%
長泉町、三島市、御殿場市、箱根町、富士市裾野市
0%
大山崎町、八幡市、長岡京市、高槻市、枚方市、京都市島本町
0%
伊豆の国市、伊東市、沼津市、東伊豆町、河津町、西伊豆町伊豆市
0%
菊川市、牧之原市、掛川市御前崎市
0%
泉南市、岬町、岩出市、和歌山市阪南市
0%
富田林市、河内長野市、堺市大阪狭山市
0%
枚方市、寝屋川市、四條畷市、生駒市交野市
0%
阪南市、田尻町、泉佐野市、岩出市、紀の川市泉南市
0%
吉田町、島田市、菊川市、御前崎市牧之原市
0%
掛川市、島田市、牧之原市、御前崎市菊川市
0%
みよし市、日進市、豊明市、刈谷市、名古屋市東郷町
0%
泉大津市、和泉市、堺市高石市
0%
茨木市、吹田市、守口市、寝屋川市、高槻市、大阪市摂津市
0%
伊豆市、函南町、沼津市、熱海市、伊東市伊豆の国市
0%
藤井寺市、柏原市、松原市、太子町、富田林市、香芝市、堺市羽曳野市
0%
藤井寺市、羽曳野市、八尾市、三郷町、王寺町、香芝市柏原市
0%
松崎町、河津町、伊豆市西伊豆町
0%
貝塚市、忠岡町、和泉市、紀の川市、かつらぎ町岸和田市
0%
武豊町、阿久比町、高浜市、常滑市、東浦町半田市
0%
豊川市、湖西市、田原市、新城市、浜松市豊橋市
0%
袋井市、掛川市、磐田市、島田市、浜松市森町
0%
清須市、豊山町、大治町、北名古屋市、春日井市、あま市、蟹江町、尾張旭市、長久手市、日進市、飛島村、東郷町、瀬戸市、豊明市、東海市、大府名古屋市
0%
向日市、大山崎町、島本町、京都市長岡京市
0%
長岡京市、京都市向日市
0%
宇治市、京田辺市、久御山町、井手町、八幡市、宇治田原町城陽市
0%
豊能町、南丹市、能勢町、京都市、高槻市、茨木市亀岡市
0%
与謝野町、京丹後市、伊根町、舞鶴市、福知山市宮津市
0%
御坊市、みなべ町、日高川町、田辺市印南町
0%
井手町、城陽市、精華町、八幡市、木津川市、枚方市、生駒市京田辺市
0%
稲沢市、岩倉市、江南市、笠松町、北名古屋市、羽島市、岐南町、各務原市、清須市一宮市
0%
高浜町、宮津市、綾部市、福知山市舞鶴市
0%
綾部市、丹波市、朝来市、丹波篠山市、宮津市、与謝野町、京丹波町、舞鶴市、豊岡市福知山市
0%
尾張旭市、長久手市、春日井市、多治見市、名古屋市、土岐市、豊田市瀬戸市
0%
甲良町、彦根市、愛荘町、米原市、東近江市、いなべ市、大垣市多賀町
0%
豊郷町、多賀町、愛荘町、彦根市甲良町
0%
甲良町、愛荘町、彦根市豊郷町
0%
久御山町、大山崎町、島本町、城陽市、枚方市、京田辺市、京都市八幡市
0%
与謝野町、宮津市、伊根町、豊岡市京丹後市
0%
松原市、高石市、大阪狭山市、和泉市、羽曳野市、富田林市、大阪市、河内長野市堺市
0%
笠置町、宇治田原町、南山城村、井手町、木津川市、甲賀市和束町
0%
守口市、吹田市、東大阪市、門真市、尼崎市、豊中市、摂津市、大東市、八尾市、堺市、松原市大阪市
0%
宮津市、京丹後市、福知山市、豊岡市与謝野町
0%
宮津市、京丹後市伊根町
0%
南丹市、綾部市、丹波篠山市、福知山市京丹波町
0%
三島市、伊豆の国市、沼津市、熱海市、湯河原町、箱根町函南町
0%
笠置町、和束町、伊賀市、奈良市、甲賀市南山城村
0%
木津川市、井手町、京田辺市、奈良市、生駒市精華町
0%
三島市、沼津市、長泉町清水町
0%
京丹波町、亀岡市、能勢町、丹波篠山市、綾部市、京都市、おおい町、高島市南丹市
0%
和束町、南山城村、木津川市、奈良市笠置町
0%
三島市、裾野市、清水町、沼津市、富士市長泉町
0%
和束町、宇治市、井手町、城陽市、久御山町、大津市、甲賀市宇治田原町
0%
京田辺市、精華町、城陽市、木津川市、宇治田原町、和束町井手町
0%
八幡市、城陽市、宇治市、宇治田原町、京都市久御山町
0%
長岡京市、島本町、八幡市、京都市大山崎町
0%
島田市、静岡市、浜松市、飯田市川根本町
0%
精華町、奈良市、井手町、京田辺市、和束町、笠置町木津川市
0%
羽曳野市、柏原市、松原市、八尾市藤井寺市
0%
川本町、江津市、美郷町、北広島町、浜田市、安芸高田市、三次市邑南町
0%
田辺市、印南町みなべ町
0%
川棚町、有田町、武雄市、嬉野市、佐世保市波佐見町
0%
産山村、高森町、南阿蘇村、南小国町、大津町、竹田市、菊池市、日田市阿蘇市
0%
宇土市、氷川町、美里町、甲佐町、熊本市、八代市宇城市
0%
宇城市、熊本市宇土市
0%
合志市、山鹿市、大津町、熊本市、阿蘇市、日田市菊池市
0%
和水町、菊池市、玉東町、熊本市、八女市、日田市山鹿市
0%
津奈木町、芦北町、出水市、球磨村、伊佐市水俣市
0%
大牟田市、長洲町、南関町、玉名市荒尾市
0%
山江村、相良村、錦町、球磨村、えびの市、伊佐市人吉市
0%
嘉島町、益城町、合志市、菊陽町、御船町、宇土市、玉東町、宇城市、甲佐町、玉名市、菊池市、山鹿市熊本市
0%
東彼杵町、波佐見町、佐世保市、嬉野市川棚町
0%
菊陽町、大津町、菊池市、熊本市合志市
0%
川棚町、大村市、嬉野市東彼杵町
0%
長与町、長崎市時津町
0%
時津町、長崎市、諫早市長与町
0%
島原市、雲仙市南島原市
0%
諫早市、島原市、南島原市雲仙市
0%
平戸市、佐世保市、伊万里市松浦市
0%
諫早市、東彼杵町、太良町、鹿島市、嬉野市大村市
0%
大村市、雲仙市、長与町、長崎市、太良町諫早市
0%
南島原市、雲仙市島原市
0%
佐々町、有田町、波佐見町、松浦市、伊万里市、川棚町、平戸市佐世保市
0%
苓北町、上天草市天草市
0%
甲佐町、御船町、宇城市、山都町、八代市美里町
0%
鹿島市、諫早市、大村市太良町
0%
嘉島町、甲佐町、美里町、益城町、熊本市、西原村、山都町御船町
0%
あさぎり町、湯前町、水上村、相良村、五木村、西米良村、小林市多良木町
0%
相良村、あさぎり町、人吉市、えびの市錦町
0%
水俣市、芦北町津奈木町
0%
津奈木町、水俣市、球磨村、八代市芦北町
0%
宇城市、八代市氷川町
0%
御船町、南阿蘇村、西原村、五ヶ瀬町、美里町、高森町、椎葉村、高千穂町、八代市山都町
0%
美里町、御船町、宇城市、熊本市甲佐町
0%
菊陽町、嘉島町、西原村、御船町、大津町、熊本市益城町
0%
御船町、熊本市、益城町嘉島町
0%
高森町、西原村、大津町、阿蘇市、山都町南阿蘇村
0%
玉名市、和水町、山鹿市、熊本市玉東町
0%
大津町、益城町、南阿蘇村、御船町、山都町西原村
0%
南阿蘇村、阿蘇市、山都町、高千穂町、竹田市高森町
0%
阿蘇市、竹田市、南小国町産山村
0%
南小国町、九重町、玖珠町、日田市小国町
0%
小国町、阿蘇市、産山村、九重町、日田市、竹田市南小国町
0%
大津町、合志市、益城町、熊本市菊陽町
0%
菊陽町、西原村、合志市、益城町、菊池市、南阿蘇村、阿蘇市大津町
0%
玉名市、玉東町、山鹿市、南関町、みやま市、八女市和水町
0%
荒尾市、玉名市長洲町
0%
大牟田市、和水町、みやま市、荒尾市、玉名市南関町
0%
長与町、時津町、諫早市、西海市長崎市
0%
大町町、江北町、鹿島市、嬉野市、武雄市、小城市白石町
0%
湯前町、多良木町、西米良村、五木村、椎葉村、八代市水上村
0%
遠賀町、中間市、芦屋町、北九州市水巻町
0%
八女市、筑後市、久留米市広川町
0%
小郡市、朝倉市、筑前町、久留米市大刀洗町
0%
日田市、朝倉市、添田町、嘉麻市東峰村
0%
筑紫野市、朝倉市、小郡市、大刀洗町、嘉麻市、飯塚市筑前町
0%
嘉麻市、飯塚市桂川町
0%
中間市、遠賀町、直方市、宮若市、宗像市、北九州市鞍手町
0%
宮若市、直方市、飯塚市小竹町
0%
水巻町、中間市、芦屋町、岡垣町、鞍手町、宗像市遠賀町
0%
遠賀町、芦屋町、宗像市岡垣町
0%
遠賀町、水巻町、岡垣町、北九州市芦屋町
0%
大任町、川崎町、赤村、嘉麻市、みやこ町、東峰村、日田市、中津市添田町
0%
志免町、須恵町、久山町、篠栗町、福岡市粕屋町
0%
篠栗町、粕屋町、新宮町、古賀市、福岡市、宮若市久山町
0%
古賀市、久山町、福岡市新宮町
0%
宇美町、志免町、粕屋町、篠栗町、飯塚市須恵町
0%
粕屋町、須恵町、宇美町、福岡市志免町
0%
久山町、須恵町、粕屋町、飯塚市、宮若市篠栗町
0%
須恵町、志免町、大野城市、太宰府市、筑紫野市、福岡市、飯塚市宇美町
0%
春日市、大野城市、筑紫野市、福岡市、鳥栖市、みやき町、吉野ヶ里町那珂川市
0%
福岡市、唐津市、佐賀市糸島市
0%
柳川市、筑後市、八女市、南関町、大牟田市、和水町みやま市
0%
田川市、赤村、大任町、福智町、みやこ町、北九州市香春町
0%
田川市、福智町、飯塚市糸田町
0%
大町町、白石町、小城市、多久市江北町
0%
嬉野市、大町町、白石町、多久市、波佐見町、伊万里市、有田町、唐津市武雄市
0%
江北町、白石町、多久市、武雄市大町町
0%
伊万里市、波佐見町、佐世保市、武雄市有田町
0%
唐津市玄海町
0%
吉野ヶ里町、みやき町上峰町
0%
小郡市、鳥栖市、筑紫野市基山町
0%
上峰町、神埼市、みやき町、那珂川市、福岡市吉野ヶ里町
0%
吉野ヶ里町、みやき町、佐賀市、大川市、久留米市、福岡市神埼市
0%
佐賀市、江北町、多久市、白石町、唐津市小城市
0%
嬉野市、白石町、太良町、大村市鹿島市
0%
有田町、武雄市、佐世保市、松浦市、唐津市伊万里市
0%
大任町、田川市、添田町、嘉麻市川崎町
0%
大町町、江北町、小城市、武雄市、佐賀市、唐津市多久市
0%
小郡市、基山町、久留米市、みやき町、筑紫野市、那珂川市鳥栖市
0%
玄海町、伊万里市、多久市、糸島市、武雄市、小城市、佐賀市唐津市
0%
豊前市、行橋市、みやこ町、中津市築上町
0%
吉富町、中津市、豊前市上毛町
0%
行橋市、香春町、赤村、築上町、添田町、北九州市、中津市みやこ町
0%
行橋市、北九州市苅田町
0%
糸田町、田川市、香春町、直方市、飯塚市、北九州市福智町
0%
大任町、添田町、香春町、みやこ町赤村
0%
赤村、川崎町、添田町、田川市、香春町大任町
0%
多良木町、水上村、西米良村湯前町
0%
山江村、人吉市、錦町、あさぎり町、多良木町、五木村相良村
0%
桂川町、飯塚市、川崎町、田川市、添田町、筑前町、朝倉市、東峰村嘉麻市
0%
霧島市、鹿児島市、薩摩川内市姶良市
0%
徳之島町、伊仙町天城町
0%
伊仙町、天城町徳之島町
0%
大和村、瀬戸内町、奄美市宇検村
0%
奄美市、宇検村大和村
0%
錦江町、肝付町南大隅町
0%
南大隅町、鹿屋市、肝付町錦江町
0%
肝付町、大崎町、鹿屋市東串良町
0%
東串良町、志布志市、鹿屋市、曽於市大崎町
0%
えびの市、伊佐市、霧島市、さつま町湧水町
0%
湧水町、えびの市、人吉市、球磨村、さつま町、出水市、水俣市伊佐市
0%
知名町和泊町
0%
南さつま市、枕崎市、指宿市、鹿児島市南九州市
0%
大和村、龍郷町、宇検村、瀬戸内町奄美市
0%
大崎町、串間市、曽於市、都城市志布志市
0%
南九州市、枕崎市、日置市、鹿児島市南さつま市
0%
薩摩川内市、日置市いちき串木野市
0%
姶良市、湧水町、曽於市、垂水市、都城市、高原町、えびの市、さつま町、小林市、鹿屋市、薩摩川内市霧島市
0%
都城市、志布志市、大崎町、霧島市、鹿屋市曽於市
0%
鹿児島市、いちき串木野市、薩摩川内市、南さつま市日置市
0%
いちき串木野市、さつま町、日置市、阿久根市、出水市、姶良市、鹿児島市、霧島市薩摩川内市
0%
鹿児島市、鹿屋市、霧島市垂水市
0%
徳之島町、天城町伊仙町
0%
和泊町知名町
0%
水俣市、阿久根市、さつま町、伊佐市、薩摩川内市出水市
0%
金武町、名護市、恩納村宜野座村
0%
与那原町、八重瀬町、西原町、豊見城市、南城市、那覇市南風原町
0%
西原町、南風原町、南城市与那原町
0%
与那原町、浦添市、南風原町、中城村、宜野湾市、那覇市西原町
0%
宜野湾市、北中城村、西原町中城村
0%
宜野湾市、北谷町、沖縄市、中城村北中城村
0%
北中城村、沖縄市、宜野湾市、嘉手納町北谷町
0%
読谷村、北谷町、沖縄市嘉手納町
0%
嘉手納町、沖縄市、恩納村読谷村
0%
宜野座村、恩納村、うるま市金武町
0%
金武町、宜野座村、うるま市、読谷村、名護市、沖縄市恩納村
0%
豊見城市、南風原町、浦添市、西原町那覇市
0%
今帰仁村、名護市本部町
0%
本部町、名護市今帰仁村
0%
大宜味村、国頭村、名護市東村
0%
国頭村、東村、名護市大宜味村
0%
大宜味村、東村国頭村
0%
与那原町、八重瀬町、南風原町南城市
0%
豊見城市、八重瀬町糸満市
0%
今帰仁村、本部町、宜野座村、恩納村、東村、大宜味村名護市
0%
西原町、那覇市、宜野湾市浦添市
0%
中城村、北中城村、北谷町、西原町、浦添市宜野湾市
0%
南九州市、鹿児島市指宿市
0%
出水市、薩摩川内市阿久根市
0%
山江村、多良木町、相良村、水上村、八代市五木村
0%
宇佐市、杵築市、国東市豊後高田市
0%
国富町、綾町、新富町、西都市、三股町、日南市、都城市、小林市宮崎市
0%
九重町、小国町、日田市、由布市、宇佐市、中津市玖珠町
0%
玖珠町、小国町、南小国町、由布市、竹田市九重町
0%
杵築市、別府市、宇佐市日出町
0%
杵築市、豊後高田市国東市
0%
別府市、大分市、九重町、竹田市、玖珠町、宇佐市由布市
0%
竹田市、臼杵市、大分市、佐伯市、高千穂町、日之影町豊後大野市
0%
豊後高田市、中津市、日出町、杵築市、別府市、玖珠町、由布市宇佐市
0%
日出町、国東市、豊後高田市、宇佐市杵築市
0%
産山村、豊後大野市、由布市、阿蘇市、高千穂町、高森町、南小国町、九重町、大分市竹田市
0%
門川町、美郷町、日之影町、佐伯市延岡市
0%
臼杵市、佐伯市津久見市
0%
津久見市、佐伯市、大分市、豊後大野市臼杵市
0%
津久見市、臼杵市、豊後大野市、延岡市、日之影町佐伯市
0%
東峰村、うきは市、玖珠町、小国町、南小国町、朝倉市、添田町、八女市、中津市、菊池市、山鹿市、阿蘇市日田市
0%
吉富町、上毛町、豊前市、築上町、宇佐市、みやこ町、添田町、玖珠町、日田市中津市
0%
日出町、大分市、由布市、宇佐市別府市
0%
別府市、由布市、臼杵市、豊後大野市、竹田市大分市
0%
多良木町、錦町、相良村、えびの市、小林市あさぎり町
0%
山江村、人吉市、芦北町、伊佐市、水俣市、八代市球磨村
0%
相良村、人吉市、球磨村、五木村、八代市山江村
0%
三股町、曽於市、高原町、志布志市、霧島市、小林市、串間市、日南市、宮崎市都城市
0%
串間市、三股町、都城市、宮崎市日南市
0%
南さつま市、南九州市枕崎市
0%
木城町、高鍋町、都農町川南町
0%
肝付町、東串良町、大崎町、錦江町、垂水市、曽於市、霧島市鹿屋市
0%
日置市、姶良市、垂水市、南九州市、南さつま市、薩摩川内市、指宿市鹿児島市
0%
高千穂町、山都町、諸塚村、椎葉村五ヶ瀬町
0%
日之影町、五ヶ瀬町、高森町、諸塚村、山都町、竹田市、豊後大野市高千穂町
0%
諸塚村、日向市、門川町、日之影町、椎葉村、延岡市、木城町、西都市美郷町
0%
諸塚村、水上村、五ヶ瀬町、美郷町、西米良村、山都町、西都市、八代市椎葉村
0%
美郷町、椎葉村、日之影町、高千穂町、五ヶ瀬町諸塚村
0%
日向市、延岡市、美郷町門川町
0%
川南町、木城町、日向市都農町
0%
高鍋町、川南町、西都市、都農町、美郷町、日向市木城町
0%
高原町、えびの市、綾町、あさぎり町、多良木町、西米良村、都城市、霧島市、宮崎市小林市
0%
水上村、湯前町、多良木町、西都市、椎葉村、綾町、国富町、小林市西米良村
0%
高鍋町、西都市、宮崎市新富町
0%
木城町、新富町、川南町、西都市高鍋町
0%
綾町、宮崎市、西都市、西米良村国富町
0%
小林市、都城市、霧島市高原町
0%
都城市、日南市、宮崎市三股町
0%
湧水町、小林市、錦町、人吉市、伊佐市、あさぎり町、霧島市えびの市
0%
木城町、新富町、高鍋町、国富町、宮崎市、西米良村、美郷町、椎葉村西都市
0%
志布志市、日南市、都城市串間市
0%
門川町、美郷町、都農町、木城町日向市
0%
大刀洗町、筑前町、うきは市、久留米市、東峰村、嘉麻市、日田市朝倉市
0%
小竹町、直方市、鞍手町、飯塚市、宗像市、福津市、篠栗町、久山町、古賀市宮若市
0%
御坊市、日高町、印南町、広川町、有田川町、田辺市日高川町
0%
三原市、東広島市竹原市
0%
北広島町、三次市、東広島市、邑南町、広島市安芸高田市
0%
熊野町、竹原市、呉市、広島市、安芸高田市、三原市、世羅町、三次市東広島市
0%
和木町、岩国市、廿日市市大竹市
0%
三次市、神石高原町、飯南町、奥出雲町、府中市、日南町、新見市、雲南市、高梁市庄原市
0%
庄原市、安芸高田市、飯南町、世羅町、美郷町、邑南町、東広島市、府中市三次市
0%
福山市、神石高原町、世羅町、尾道市、庄原市、三次市府中市
0%
笠岡市、府中市、井原市、尾道市、神石高原町福山市
0%
三原市、福山市、府中市、世羅町、今治市尾道市
0%
尾道市、竹原市、世羅町、東広島市三原市
0%
熊野町、坂町、広島市、東広島市呉市
0%
坂町、熊野町、広島市海田町
0%
府中町、坂町、海田町、廿日市市、熊野町、呉市、東広島市、安芸太田町、北広島町、安芸高田市広島市
0%
久米南町、津山市、勝央町、美作市、真庭市、赤磐市、和気町、吉備中央町、岡山市美咲町
0%
美咲町、赤磐市、岡山市久米南町
0%
智頭町、若桜町、美作市、宍粟市西粟倉村
0%
美作市、津山市、津山市、美咲町勝央町
0%
津山市、真庭市、三朝町、鳥取市鏡野町
0%
日野町、江府町、真庭市、新見市新庄村
0%
浅口市、井原市、笠岡市、総社市、倉敷市矢掛町
0%
浅口市、笠岡市里庄町
0%
倉敷市、岡山市早島町
0%
広島市府中町
0%
海田町、呉市、広島市、東広島市熊野町
0%
里庄町、笠岡市、矢掛町、倉敷市浅口市
0%
平生町、田布施町、光市、上関町、岩国市柳井市
0%
松茂町、北島町、藍住町、板野町、東かがわ市鳴門市
0%
北島町、松茂町、小松島市、藍住町、石井町、佐那河内村、勝浦町、神山町徳島市
0%
萩市阿武町
0%
田布施町、柳井市、上関町平生町
0%
平生町、柳井市、光市、岩国市田布施町
0%
大竹市、岩国市和木町
0%
宇部市、美祢市、下関市山陽小野田市
0%
下松市、光市、防府市、山口市、吉賀町、岩国市周南市
0%
山陽小野田市、長門市、宇部市、山口市、萩市、下関市美祢市
0%
萩市、美祢市、下関市長門市
0%
海田町、広島市、呉市坂町
0%
和木町、大竹市、廿日市市、柳井市、田布施町、吉賀町、光市、周南市、益田市岩国市
0%
周南市、光市下松市
0%
山口市、周南市防府市
0%
阿武町、長門市、山口市、美祢市、津和野町、益田市萩市
0%
山陽小野田市、美祢市、山口市宇部市
0%
山陽小野田市、美祢市、長門市下関市
0%
府中市、井原市、福山市、庄原市、高梁市神石高原町
0%
府中市、三原市、尾道市、三次市、東広島市世羅町
0%
安芸高田市、邑南町、安芸太田町、広島市、浜田市、益田市北広島町
0%
廿日市市、広島市、北広島町、益田市安芸太田町
0%
備前市、赤磐市、美作市、美咲町和気町
0%
勝央町、奈義町、美咲町、佐用町、和気町、西粟倉村、智頭町、備前市、宍粟市美作市
0%
吉野川市、上板町、美馬市、東かがわ市、さぬき市阿波市
0%
新温泉町、鳥取市岩美町
0%
日野町、南部町、新見市、奥出雲町、安来市、庄原市日南町
0%
長和町、東御市、佐久市、上田市、茅野市立科町
0%
伯耆町、米子市、琴浦町、江府町大山町
0%
琴浦町、倉吉市、湯梨浜町北栄町
0%
北栄町、倉吉市、大山町、江府町琴浦町
0%
倉吉市、三朝町、北栄町、鳥取市湯梨浜町
0%
鳥取市、若桜町、智頭町八頭町
0%
西粟倉村、八頭町、奈義町、若桜町、鳥取市、美作市、津山市智頭町
0%
八頭町、智頭町、西粟倉村、鳥取市、新温泉町、養父市、香美町、宍粟市若桜町
0%
安来市、米子市、松江市境港市
0%
日野町、新庄村、伯耆町、大山町、琴浦町、真庭市、倉吉市江府町
0%
三朝町、湯梨浜町、北栄町、琴浦町、江府町、真庭市倉吉市
0%
日吉津村、安来市、伯耆町、南部町、境港市、大山町米子市
0%
八頭町、岩美町、若桜町、新温泉町、智頭町、湯梨浜町、三朝町、津山市、鏡野町鳥取市
0%
古座川町、那智勝浦町、すさみ町串本町
0%
下北山村、熊野市、十津川村北山村
0%
那智勝浦町太地町
0%
太地町、新宮市、古座川町、串本町那智勝浦町
0%
白浜町、串本町、古座川町すさみ町
0%
田辺市、白浜町上富田町
0%
田辺市、上富田町、すさみ町、古座川町白浜町
0%
江府町、新庄村、日南町、南部町、伯耆町、新見市日野町
0%
境港市、安来市、雲南市、出雲市松江市
0%
鏡野町、新庄村、美咲町、津山市、吉備中央町、新見市、江府町、高梁市、三朝町、倉吉市真庭市
0%
早島町、赤磐市、倉敷市、瀬戸内市、総社市、玉野市、備前市、久米南町、吉備中央町、美咲町岡山市
0%
和気町、岡山市、備前市、久米南町、美咲町赤磐市
0%
備前市、岡山市瀬戸内市
0%
和気町、瀬戸内市、赤磐市、赤穂市、上郡町、岡山市、美作市、佐用町備前市
0%
吉備中央町、総社市、新見市、井原市、真庭市、神石高原町、庄原市高梁市
0%
倉敷市、矢掛町、岡山市、高梁市、吉備中央町、井原市総社市
0%
笠岡市、矢掛町、福山市、神石高原町、高梁市、総社市井原市
0%
直島町、岡山市、高松市、倉敷市玉野市
0%
鏡野町、美咲町、勝央町、奈義町、真庭市、智頭町、鳥取市津山市
0%
早島町、総社市、岡山市、矢掛町、浅口市、玉野市倉敷市
0%
津和野町、岩国市、周南市、益田市、山口市吉賀町
0%
江津市、邑南町、益田市、北広島町浜田市
0%
益田市、吉賀町、萩市、山口市津和野町
0%
川本町、飯南町、大田市、邑南町、三次市美郷町
0%
美郷町、三次市、大田市、庄原市、雲南市、出雲市飯南町
0%
雲南市、日南町、安来市、庄原市奥出雲町
0%
出雲市、奥出雲町、松江市、安来市、飯南町、庄原市雲南市
0%
浜田市、邑南町、川本町、大田市江津市
0%
米子市、南部町、境港市、松江市、日南町、奥出雲町、雲南市安来市
0%
美郷町、川本町、飯南町、出雲市、江津市大田市
0%
津和野町、浜田市、吉賀町、安芸太田町、萩市、廿日市市、北広島町、岩国市益田市
0%
雲南市、松江市、大田市、飯南町出雲市
0%
小松島市、勝浦町、那賀町、美波町阿南市
0%
那賀町、佐那河内村、小松島市、上勝町、阿南市、徳島市勝浦町
0%
朝倉市、日田市、久留米市、八女市うきは市
0%
本山町、香美市、四国中央市、三好市大豊町
0%
いの町、土佐市、佐川町、越知町日高村
0%
津野町、鬼北町、四万十町、久万高原町、西予市梼原町
0%
佐川町、仁淀川町、津野町、日高村、いの町越知町
0%
越知町、日高村、津野町、須崎市、土佐市佐川町
0%
須崎市、津野町、四万十町中土佐町
0%
越知町、津野町、いの町、久万高原町仁淀川町
0%
日高村、土佐市、高知市、越知町、土佐町、仁淀川町、大川村、西条市、新居浜市、久万高原町いの町
0%
土佐町、四国中央市、新居浜市、いの町大川村
0%
本山町、大川村、高知市、南国市、いの町、四国中央市土佐町
0%
大豊町、土佐町、香美市、南国市、四国中央市本山町
0%
中土佐町、黒潮町、津野町、梼原町、四万十市、松野町、鬼北町四万十町
0%
安芸市、香南市芸西村
0%
北川村、安芸市、安田町、海陽町、那賀町馬路村
0%
奈半利町、田野町、安田町、馬路村、室戸市、東洋町、海陽町北川村
0%
田野町、北川村、安芸市、馬路村安田町
0%
奈半利町、安田町、北川村田野町
0%
田野町、北川村、室戸市奈半利町
0%
海陽町、北川村、室戸市東洋町
0%
香南市、南国市、大豊町、本山町、安芸市、三好市、那賀町香美市
0%
香美市、南国市、芸西村、安芸市香南市
0%
黒潮町、三原村、宿毛市、土佐清水市、四万十町、松野町、宇和島市四万十市
0%
須崎市、佐川町、越知町、中土佐町、仁淀川町、梼原町、四万十町、久万高原町津野町
0%
四万十市、宿毛市、土佐清水市三原村
0%
大月町、愛南町、三原村、四万十市、土佐清水市、宇和島市宿毛市
0%
苅田町、みやこ町、築上町、北九州市行橋市
0%
古賀市、宗像市、宮若市福津市
0%
新宮町、福津市、久山町、宮若市古賀市
0%
筑紫野市、大野城市、宇美町太宰府市
0%
福津市、岡垣町、鞍手町、遠賀町、宮若市宗像市
0%
大野城市、那珂川市、福岡市春日市
0%
太宰府市、基山町、大野城市、筑前町、宇美町、那珂川市、小郡市、鳥栖市、飯塚市筑紫野市
0%
基山町、鳥栖市、大刀洗町、筑前町、久留米市、筑紫野市小郡市
0%
鞍手町、水巻町、遠賀町、北九州市中間市
0%
吉富町、上毛町、中津市、築上町豊前市
0%
大木町、柳川市、佐賀市、神埼市、久留米市大川市
0%
四万十市、四万十町黒潮町
0%
八女市、広川町、大木町、みやま市、柳川市、久留米市筑後市
0%
広川町、筑後市、みやま市、久留米市、うきは市、山鹿市、和水町、日田市八女市
0%
大川市、大木町、みやま市、筑後市、佐賀市柳川市
0%
糸田町、川崎町、香春町、大任町、福智町、嘉麻市、飯塚市田川市
0%
小竹町、嘉麻市、桂川町、糸田町、宮若市、福智町、田川市、直方市、篠栗町、須恵町、宇美町、筑前町、筑紫野市飯塚市
0%
小竹町、宮若市、鞍手町、福智町、飯塚市、北九州市直方市
0%
みやき町、鳥栖市、広川町、小郡市、筑後市、大刀洗町、神埼市、八女市、大木町、大川市、朝倉市、うきは市久留米市
0%
荒尾市、南関町、みやま市大牟田市
0%
志免町、粕屋町、春日市、大野城市、那珂川市、宇美町、久山町、新宮町、糸島市、吉野ヶ里町、神埼市、佐賀市福岡市
0%
苅田町、水巻町、中間市、芦屋町、行橋市、直方市、みやこ町、鞍手町、福智町、香春町北九州市
0%
三原村、四万十市、大月町、宿毛市土佐清水市
0%
津野町、中土佐町、佐川町、土佐市須崎市
0%
那賀町、神山町、勝浦町、佐那河内村上勝町
0%
板野町、石井町、吉野川市、藍住町、阿波市、東かがわ市上板町
0%
観音寺市、善通寺市、琴平町、多度津町、まんのう町、三好市、東みよし町三豊市
0%
上板町、板野町、阿波市、さぬき市、鳴門市、美馬市東かがわ市
0%
三木町、高松市、東かがわ市、阿波市、美馬市さぬき市
0%
三豊市、三好市、四国中央市観音寺市
0%
琴平町、多度津町、まんのう町、丸亀市、三豊市善通寺市
0%
宇多津町、丸亀市、綾川町、高松市坂出市
0%
宇多津町、多度津町、坂出市、善通寺市、まんのう町、綾川町丸亀市
0%
つるぎ町、三好市、まんのう町、三豊市東みよし町
0%
美馬市、東みよし町、三好市つるぎ町
0%
藍住町、上板町、鳴門市、東かがわ市板野町
0%
土庄町小豆島町
0%
板野町、北島町、石井町、上板町、徳島市、鳴門市藍住町
0%
松茂町、藍住町、徳島市、鳴門市北島町
0%
北島町、鳴門市、徳島市松茂町
0%
牟岐町、東洋町、美波町、馬路村、那賀町、北川村海陽町
0%
牟岐町、那賀町、海陽町、阿南市美波町
0%
海陽町、美波町牟岐町
0%
勝浦町、上勝町、美波町、阿南市、神山町、海陽町、美馬市、馬路村、三好市、安芸市、香美市那賀町
0%
上勝町、佐那河内村、吉野川市、石井町、那賀町、美馬市、徳島市神山町
0%
上板町、吉野川市、藍住町、徳島市、神山町石井町
0%
勝浦町、神山町、徳島市、上勝町佐那河内村
0%
小豆島町土庄町
0%
さぬき市、高松市、美馬市三木町
0%
いの町、日高村、高知市、佐川町、須崎市土佐市
0%
松山市、久万高原町、西条市、今治市東温市
0%
香美市、香南市、高知市、土佐町、本山町南国市
0%
芸西村、安田町、馬路村、香南市、香美市、那賀町安芸市
0%
いの町、南国市、土佐市、土佐町高知市
0%
宿毛市、宇和島市愛南町
0%
松野町、宇和島市、西予市、梼原町、四万十町鬼北町
0%
鬼北町、宇和島市、四万十市、四万十町松野町
0%
大洲市、西予市、伊予市、久万高原町、砥部町内子町
0%
伊予市、松前町、松山市、久万高原町、内子町砥部町
0%
伊予市、松山市、砥部町松前町
0%
砥部町、東温市、松山市、内子町、仁淀川町、梼原町、津野町、西条市、西予市、いの町久万高原町
0%
八幡浜市、宇和島市、大洲市、鬼北町、内子町、梼原町、久万高原町西予市
0%
玉野市直島町
0%
観音寺市、大川村、三好市、新居浜市、大豊町、本山町、土佐町四国中央市
0%
松前町、砥部町、内子町、大洲市伊予市
0%
内子町、八幡浜市、西予市、伊予市大洲市
0%
新居浜市、今治市、東温市、久万高原町、いの町西条市
0%
西条市、四国中央市、大川村、いの町新居浜市
0%
伊方町、大洲市、西予市八幡浜市
0%
西条市、東温市、松山市、尾道市今治市
0%
松前町、砥部町、東温市、久万高原町、今治市松山市
0%
丸亀市、善通寺市、三豊市多度津町
0%
坂出市、まんのう町、丸亀市、高松市綾川町
0%
土岐市、御嵩町、八百津町、恵那市、豊田市瑞浪市
0%
石狩市、江別市、北広島市、当別町、恵庭市、小樽市、千歳市、赤井川村、京極町、喜茂別町、伊達市札幌市
0%
恵那市、南木曽町、平谷村、阿智村、東白川村、大桑村、白川町、王滝村、下呂市中津川市
0%
潟上市、大潟村、三種町男鹿市
0%
北秋田市、五城目町、三種町、能代市、秋田市上小阿仁村
0%
鹿角市、大館市、平川市、十和田市小坂町
0%
雫石町、大仙市、八幡平市、西和賀町、秋田市、鹿角市、北秋田市仙北市
0%
遊佐町、由利本荘市にかほ市
0%
藤里町、大館市、上小阿仁村、能代市、鹿角市、秋田市、仙北市北秋田市
0%
美郷町、横手市、西和賀町、仙北市、由利本荘市、秋田市大仙市
0%
にかほ市、大仙市、秋田市、羽後町、遊佐町、横手市、湯沢市、酒田市、真室川町由利本荘市
0%
小坂町、大館市、田子町、北秋田市、八幡平市、新郷村、三戸町、十和田市、仙北市鹿角市
0%
羽後町、東成瀬村、横手市、金山町、真室川町、最上町、由利本荘市、新庄市、栗原市、大崎市湯沢市
0%
美郷町、東成瀬村、大仙市、湯沢市、西和賀町、羽後町、由利本荘市横手市
0%
能代市、藤里町、深浦町、鰺ヶ沢町八峰町
0%
八峰町、三種町、藤里町、上小阿仁村、北秋田市能代市
0%
潟上市、井川町、五城目町、由利本荘市、上小阿仁村、大仙市、仙北市、北秋田市秋田市
0%
登米市、気仙沼市、石巻市南三陸町
0%
石巻市女川町
0%
美里町、大崎市、登米市、石巻市涌谷町
0%
色麻町、大崎市、最上町、尾花沢市加美町
0%
加美町、大衡村、大崎市、大和町、仙台市、尾花沢市色麻町
0%
大和町、色麻町、大郷町、大崎市大衡村
0%
松島町、大和町、利府町、大衡村、大崎市大郷町
0%
大潟村、能代市、八郎潟町、五城目町、上小阿仁村、男鹿市三種町
0%
八郎潟町、井川町、潟上市、大潟村、三種町、上小阿仁村、秋田市五城目町
0%
塩竈市、多賀城市、松島町、富谷市、大郷町、仙台市、大和町利府町
0%
東根市、河北町、大石田町、尾花沢市、寒河江市、舟形町、大蔵村村山市
0%
山辺町、大江町、白鷹町、西川町、長井市、小国町朝日町
0%
大江町、寒河江市、朝日町、大蔵村、鶴岡市、庄内町、小国町、村上市西川町
0%
寒河江市、東根市、村山市、天童市河北町
0%
山辺町、寒河江市、大江町、天童市、山形市中山町
0%
中山町、山形市、朝日町、大江町、白鷹町、南陽市山辺町
0%
高畠町、川西町、長井市、上山市、白鷹町、山形市、山辺町南陽市
0%
大石田町、舟形町、村山市、東根市、最上町、色麻町、加美町、仙台市尾花沢市
0%
村山市、河北町、天童市、尾花沢市、山形市、仙台市東根市
0%
飯豊町、白鷹町、川西町、南陽市、朝日町、小国町長井市
0%
山形市、南陽市、高畠町、七ヶ宿町、川崎町、蔵王町上山市
0%
五城目町、井川町、大潟村、三種町八郎潟町
0%
中山町、大江町、河北町、天童市、西川町、村山市、大蔵村寒河江市
0%
庄内町、遊佐町、三川町、鶴岡市、戸沢村、鮭川村、真室川町、由利本荘市酒田市
0%
三川町、庄内町、酒田市、西川町、村上市鶴岡市
0%
川西町、高畠町、飯豊町、北塩原村、福島市、喜多方市、猪苗代町米沢市
0%
山辺町、中山町、天童市、上山市、東根市、南陽市、川崎町、仙台市山形市
0%
湯沢市、横手市、西和賀町、奥州市、一関市、栗原市東成瀬村
0%
湯沢市、横手市、由利本荘市羽後町
0%
大仙市、横手市、西和賀町美郷町
0%
三種町、八郎潟町、五城目町、男鹿市、潟上市大潟村
0%
八郎潟町、五城目町、潟上市、秋田市井川町
0%
大衡村、富谷市、大郷町、色麻町、利府町、仙台市大和町
0%
塩竈市、多賀城市、仙台市七ヶ浜町
0%
尾花沢市、舟形町、村山市大石田町
0%
九戸村、岩手町、一戸町、久慈市、岩泉町、盛岡市葛巻町
0%
普代村、岩泉町田野畑村
0%
田野畑村、普代村、宮古市、野田村、葛巻町、久慈市、盛岡市岩泉町
0%
釜石市、山田町、宮古市、遠野市大槌町
0%
一関市、奥州市平泉町
0%
奥州市、北上市金ケ崎町
0%
横手市、東成瀬村、美郷町、北上市、花巻市、大仙市、奥州市、仙北市、雫石町西和賀町
0%
紫波町、盛岡市、雫石町矢巾町
0%
矢巾町、盛岡市、花巻市、雫石町紫波町
0%
八幡平市、葛巻町、一戸町、盛岡市岩手町
0%
滝沢市、盛岡市、矢巾町、仙北市、紫波町、八幡平市、花巻市、西和賀町雫石町
0%
九戸村、二戸市、南部町、階上町、八戸市、洋野町、久慈市軽米町
0%
盛岡市、雫石町、八幡平市滝沢市
0%
金ケ崎町、北上市、平泉町、一関市、花巻市、西和賀町、住田町、遠野市、東成瀬村奥州市
0%
岩手町、滝沢市、盛岡市、雫石町、一戸町、鹿角市、二戸市、仙北市、田子町八幡平市
0%
一戸町、九戸村、三戸町、軽米町、田子町、南部町、八幡平市二戸市
0%
大槌町、大船渡市、住田町、遠野市釜石市
0%
大船渡市、気仙沼市、住田町、一関市陸前高田市
0%
平泉町、奥州市、栗原市、登米市、気仙沼市、陸前高田市、住田町、東成瀬村一関市
0%
住田町、釜石市、大槌町、花巻市、奥州市、宮古市遠野市
0%
野田村、洋野町、九戸村、軽米町、葛巻町、岩泉町久慈市
0%
田野畑村、野田村、岩泉町普代村
0%
久慈市、普代村、岩泉町野田村
0%
大郷町、利府町、東松島市、美里町、大崎市松島町
0%
栗原市、涌谷町、大崎市、南三陸町、一関市、石巻市、気仙沼市登米市
0%
岩沼市、柴田町、山元町、角田市亘理町
0%
角田市、山元町、新地町、白石市、相馬市、伊達市丸森町
0%
蔵王町、村田町、仙台市、山形市、上山市川崎町
0%
蔵王町、大河原町、柴田町、川崎町、岩沼市、名取市、仙台市村田町
0%
柴田町、村田町、蔵王町、角田市、白石市大河原町
0%
白石市、高畠町、蔵王町、上山市、福島市七ヶ宿町
0%
村田町、大河原町、川崎町、白石市、七ヶ宿町、上山市蔵王町
0%
大和町、利府町、仙台市富谷市
0%
登米市、大崎市、一関市、東成瀬村、湯沢市栗原市
0%
亘理町、名取市、柴田町、村田町岩沼市
0%
一戸町、二戸市、軽米町、葛巻町、久慈市九戸村
0%
塩竈市、利府町、七ヶ浜町、仙台市多賀城市
0%
丸森町、山元町、柴田町、大河原町、亘理町、白石市角田市
0%
岩沼市、仙台市、村田町名取市
0%
大河原町、蔵王町、角田市、国見町、七ヶ宿町、丸森町、桑折町、伊達市、福島市白石市
0%
陸前高田市、南三陸町、一関市、登米市気仙沼市
0%
多賀城市、七ヶ浜町、利府町塩竈市
0%
東松島市、女川町、涌谷町、美里町、登米市、南三陸町石巻市
0%
名取市、利府町、多賀城市、富谷市、七ヶ浜町、大和町、村田町、川崎町、色麻町、東根市、山形市、尾花沢市仙台市
0%
二戸市、九戸村、葛巻町、岩手町、八幡平市一戸町
0%
階上町、軽米町、久慈市洋野町
0%
寒河江市、西川町、中山町、朝日町、山辺町大江町
0%
真室川町、新庄市、湯沢市金山町
0%
北上市、紫波町、奥州市、西和賀町、盛岡市、遠野市、雫石町、宮古市花巻市
0%
富岡町、広野町、川内村、いわき市楢葉町
0%
常陸太田市、高萩市、東海村、那珂市日立市
0%
ひたちなか市、茨城町、那珂市、大洗町、笠間市、城里町水戸市
0%
川俣町、南相馬市、相馬市、伊達市、浪江町飯舘村
0%
相馬市、山元町、丸森町新地町
0%
田村市、浪江町、二本松市葛尾村
0%
双葉町、大熊町、南相馬市、葛尾村、飯舘村、田村市、川俣町、二本松市浪江町
0%
富岡町、双葉町、浪江町、川内村、田村市大熊町
0%
大熊町、楢葉町、富岡町、田村市、いわき市川内村
0%
大熊町、楢葉町、川内村富岡町
0%
楢葉町、いわき市広野町
0%
野木町、五霞町、境町、八千代町、加須市、久喜市、小山市、結城市、坂東市、栃木市古河市
0%
平田村、田村市、郡山市、いわき市小野町
0%
田村市、本宮市、郡山市、二本松市三春町
0%
鮫川村、石川町、平田村、いわき市古殿町
0%
棚倉町、石川町、鮫川村、白河市浅川町
0%
小野町、石川町、玉川村、古殿町、須賀川市、郡山市、いわき市平田村
0%
矢吹町、石川町、鏡石町、須賀川市、平田村玉川村
0%
玉川村、中島村、浅川町、矢吹町、古殿町、平田村、鮫川村、白河市石川町
0%
古殿町、浅川町、棚倉町、塙町、石川町、いわき市、北茨城市鮫川村
0%
棚倉町、矢祭町、鮫川村、北茨城市、高萩市、常陸太田市塙町
0%
阿見町、かすみがうら市、つくば市、牛久市、石岡市土浦市
0%
かすみがうら市、小美玉市、土浦市、笠間市、つくば市、桜川市石岡市
0%
浅川町、塙町、鮫川村、矢祭町、白河市、那須町、大子町、大田原市棚倉町
0%
東海村、ひたちなか市、常陸太田市、城里町、水戸市、常陸大宮市、日立市那珂市
0%
守谷市、取手市、常総市、つくば市、龍ケ崎市つくばみらい市
0%
茨城町、小美玉市、大洗町、行方市、鹿嶋市鉾田市
0%
潮来市、鹿嶋市、稲敷市、美浦村、鉾田市、かすみがうら市、小美玉市行方市
0%
東庄町、鹿嶋市、潮来市、香取市、銚子市神栖市
0%
筑西市、真岡市、益子町、笠間市、石岡市、茂木町、つくば市桜川市
0%
石岡市、土浦市、阿見町、小美玉市、美浦村、行方市かすみがうら市
0%
美浦村、阿見町、河内町、神崎町、龍ケ崎市、牛久市、行方市、香取市、潮来市稲敷市
0%
常総市、野田市、境町、八千代町、古河市坂東市
0%
結城市、桜川市、下妻市、真岡市、八千代町、小山市、つくば市筑西市
0%
城里町、常陸太田市、那珂市、茂木町、大子町、那須烏山市、那珂川町常陸大宮市
0%
小山市、筑西市、八千代町、古河市結城市
0%
香取市、行方市、鹿嶋市、神栖市、稲敷市潮来市
0%
潮来市、神栖市、行方市、鉾田市鹿嶋市
0%
水戸市、那珂市、東海村、大洗町ひたちなか市
0%
常総市、土浦市、牛久市、つくばみらい市、下妻市、龍ケ崎市、石岡市、筑西市、桜川市つくば市
0%
龍ケ崎市、阿見町、土浦市、つくば市、稲敷市牛久市
0%
高萩市、いわき市、鮫川村、塙町北茨城市
0%
北茨城市、日立市、常陸太田市、塙町高萩市
0%
つくばみらい市、守谷市、坂東市、つくば市、野田市、下妻市、八千代町常総市
0%
八千代町、筑西市、つくば市、常総市下妻市
0%
河内町、利根町、牛久市、取手市、稲敷市、つくばみらい市、つくば市龍ケ崎市
0%
塙町、大子町、棚倉町、常陸太田市矢祭町
0%
鏡石町、中島村、泉崎村、玉川村、天栄村、石川町、白河市矢吹町
0%
舟形町、新庄市、尾花沢市、加美町、大崎市、湯沢市最上町
0%
伊達市、桑折町、川俣町、二本松市、七ヶ宿町、白石市、米沢市、高畠町、猪苗代町福島市
0%
三春町、小野町、葛尾村、郡山市、二本松市、川内村、大熊町、浪江町、いわき市田村市
0%
大玉村、本宮市、三春町、川俣町、福島市、田村市、郡山市、猪苗代町、葛尾村、浪江町二本松市
0%
新地町、南相馬市、丸森町、飯舘村、伊達市相馬市
0%
北塩原村、湯川村、会津坂下町、磐梯町、会津若松市、西会津町、阿賀町、米沢市、飯豊町、小国町、新発田市喜多方市
0%
鏡石町、玉川村、天栄村、郡山市、平田村須賀川市
0%
西郷村、泉崎村、中島村、矢吹町、那須町、天栄村、棚倉町、浅川町、石川町白河市
0%
広野町、楢葉町、古殿町、北茨城市、川内村、鮫川村、平田村、小野町、田村市いわき市
0%
三春町、須賀川市、本宮市、大玉村、天栄村、田村市、二本松市、小野町、平田村、猪苗代町、会津若松市郡山市
0%
湯川村、磐梯町、会津美里町、会津坂下町、猪苗代町、喜多方市、下郷町、天栄村、郡山市会津若松市
0%
酒田市、にかほ市、由利本荘市遊佐町
0%
桑折町、国見町、福島市、川俣町、丸森町、白石市、飯舘村、相馬市伊達市
0%
三川町、酒田市、鶴岡市、戸沢村、大蔵村、西川町庄内町
0%
庄内町、鶴岡市、酒田市三川町
0%
川西町、長井市、米沢市、小国町、喜多方市飯豊町
0%
長井市、朝日町、南陽市、山辺町白鷹町
0%
飯豊町、南陽市、米沢市、長井市、高畠町川西町
0%
南陽市、米沢市、川西町、上山市、七ヶ宿町、福島市高畠町
0%
大蔵村、鮭川村、新庄市、庄内町、酒田市戸沢村
0%
真室川町、新庄市、戸沢村、酒田市鮭川村
0%
舟形町、戸沢村、新庄市、村山市、西川町、庄内町、寒河江市大蔵村
0%
大蔵村、新庄市、大石田町、尾花沢市、最上町、村山市舟形町
0%
浪江町、相馬市、飯舘村南相馬市
0%
国見町、伊達市、福島市、白石市桑折町
0%
泉崎村、矢吹町、石川町、白河市中島村
0%
磐梯町、会津若松市、北塩原村、郡山市、二本松市、福島市、米沢市猪苗代町
0%
中島村、矢吹町、白河市泉崎村
0%
白河市、那須町、天栄村、那須塩原市、下郷町西郷村
0%
会津若松市、会津坂下町、柳津町、下郷町、昭和村会津美里町
0%
金山町、三島町、南会津町、柳津町、会津美里町、下郷町、只見町昭和村
0%
三島町、昭和村、西会津町、柳津町、只見町、阿賀町金山町
0%
柳津町、金山町、昭和村三島町
0%
三島町、西会津町、会津坂下町、会津美里町、金山町、昭和村柳津町
0%
会津坂下町、会津若松市、喜多方市湯川村
0%
湯川村、柳津町、会津美里町、喜多方市、会津若松市、西会津町会津坂下町
0%
会津若松市、猪苗代町、北塩原村、喜多方市磐梯町
0%
桑折町、伊達市、白石市国見町
0%
柳津町、会津坂下町、金山町、阿賀町、喜多方市西会津町
0%
喜多方市、磐梯町、猪苗代町、米沢市北塩原村
0%
下郷町、昭和村、那須塩原市、檜枝岐村、只見町、日光市南会津町
0%
金山町、昭和村、魚沼市、檜枝岐村、阿賀町、南会津町、三条市只見町
0%
片品村、只見町、南会津町、日光市、魚沼市檜枝岐村
0%
南会津町、会津美里町、昭和村、会津若松市、西郷村、天栄村、那須塩原市下郷町
0%
鏡石町、矢吹町、須賀川市、白河市、西郷村、郡山市、下郷町、会津若松市天栄村
0%
須賀川市、矢吹町、玉川村、天栄村鏡石町
0%
本宮市、二本松市、郡山市大玉村
0%
飯舘村、福島市、二本松市、伊達市、浪江町川俣町
0%
金ケ崎町、花巻市、奥州市、西和賀町北上市
0%
陸前高田市、住田町、釜石市大船渡市
0%
小美玉市、水戸市、笠間市、大洗町、鉾田市茨城町
0%
積丹町、余市町、仁木町、神恵内村、泊村、共和町古平町
0%
新篠津村、美唄市、浦臼町、当別町、岩見沢市月形町
0%
南幌町、由仁町、栗山町、北広島市、恵庭市、千歳市、岩見沢市長沼町
0%
栗山町、長沼町、夕張市、千歳市、安平町、厚真町由仁町
0%
歌志内市、砂川市、奈井江町、芦別市上砂川町
0%
浦臼町、砂川市、上砂川町、美唄市、新十津川町、芦別市奈井江町
0%
長沼町、江別市、北広島市、岩見沢市南幌町
0%
仁木町、余市町、小樽市、倶知安町、京極町、札幌市赤井川村
0%
仁木町、赤井川村、古平町、小樽市余市町
0%
余市町、赤井川村、古平町、共和町、倶知安町仁木町
0%
古平町、神恵内村積丹町
0%
秩父別町、北竜町、深川市、雨竜町、滝川市妹背牛町
0%
泊村、古平町、積丹町神恵内村
0%
神恵内村、共和町、古平町泊村
0%
共和町、蘭越町岩内町
0%
京極町、ニセコ町、共和町、真狩村、喜茂別町、赤井川村、蘭越町、仁木町倶知安町
0%
喜茂別町、倶知安町、真狩村、ニセコ町、赤井川村、札幌市京極町
0%
真狩村、喜茂別町、洞爺湖町、伊達市留寿都村
0%
留寿都村、ニセコ町、喜茂別町、京極町、倶知安町、豊浦町、洞爺湖町真狩村
0%
真狩村、倶知安町、蘭越町、京極町、喜茂別町、豊浦町ニセコ町
0%
ニセコ町、岩内町、共和町、倶知安町、黒松内町、寿都町、豊浦町蘭越町
0%
滝川市、砂川市、雨竜町、奈井江町、浦臼町、増毛町、当別町、石狩市新十津川町
0%
沼田町、妹背牛町、北竜町、深川市秩父別町
0%
黒松内町、島牧村、蘭越町寿都町
0%
新得町、占冠村、富良野市、清水町、上富良野町、夕張市、芦別市、日高町南富良野町
0%
留萌市、沼田町、苫前町、幌加内町、深川市小平町
0%
留萌市、北竜町、雨竜町、新十津川町、石狩市増毛町
0%
和寒町、士別市、旭川市、深川市、小平町、名寄市、苫前町、羽幌町、美深町、遠別町、中川町幌加内町
0%
中川町、中頓別町、美深町、枝幸町音威子府村
0%
名寄市、音威子府村、中川町、雄武町、枝幸町、幌加内町美深町
0%
名寄市、士別市、西興部村、滝上町、雄武町下川町
0%
和寒町、士別市剣淵町
0%
剣淵町、比布町、士別市、鷹栖町、幌加内町、旭川市和寒町
0%
南富良野町、夕張市、平取町、むかわ町、日高町占冠村
0%
上富良野町、富良野市、美瑛町、芦別市中富良野町
0%
妹背牛町、滝川市、北竜町、新十津川町、増毛町雨竜町
0%
中富良野町、富良野市、美瑛町、南富良野町、新得町上富良野町
0%
東神楽町、東川町、上富良野町、中富良野町、旭川市、芦別市、上川町、新得町美瑛町
0%
東神楽町、美瑛町、旭川市、上川町東川町
0%
愛別町、当麻町、東川町、旭川市、美瑛町、滝上町、士別市、遠軽町、上士幌町、新得町、北見市上川町
0%
比布町、当麻町、上川町、士別市愛別町
0%
当麻町、愛別町、旭川市、和寒町、士別市比布町
0%
比布町、愛別町、旭川市、上川町当麻町
0%
東川町、旭川市、美瑛町東神楽町
0%
旭川市、和寒町鷹栖町
0%
秩父別町、妹背牛町、沼田町、雨竜町、留萌市、増毛町北竜町
0%
寿都町、長万部町、島牧村、蘭越町、豊浦町黒松内町
0%
寿都町、黒松内町、今金町、長万部町、せたな町島牧村
0%
苫前町、初山別村、遠別町、幌加内町羽幌町
0%
三笠市、奈井江町、浦臼町、月形町、岩見沢市、芦別市美唄市
0%
新十津川町、砂川市、雨竜町、赤平市、妹背牛町、深川市滝川市
0%
恵庭市、安平町、苫小牧市、長沼町、由仁町、札幌市、白老町、伊達市千歳市
0%
別海町、浜中町根室市
0%
岩見沢市、美唄市、夕張市、芦別市三笠市
0%
下川町、美深町、士別市、幌加内町、雄武町名寄市
0%
剣淵町、和寒町、名寄市、下川町、幌加内町、愛別町、比布町、上川町、滝上町士別市
0%
興部町、滝上町、湧別町、遠軽町紋別市
0%
南幌町、北広島市、当別町、札幌市、新篠津村、岩見沢市江別市
0%
歌志内市、赤平市、上砂川町、中富良野町、美瑛町、富良野市、深川市、奈井江町、旭川市、美唄市、三笠市、南富良野町、夕張市芦別市
0%
猿払村、豊富町稚内市
0%
赤平市、上砂川町、砂川市、芦別市歌志内市
0%
小平町、増毛町、沼田町、北竜町留萌市
0%
大空町、小清水町、北見市網走市
0%
栗山町、由仁町、岩見沢市、三笠市、占冠村、厚真町、南富良野町、むかわ町、芦別市夕張市
0%
津別町、訓子府町、美幌町、大空町、佐呂間町、置戸町、網走市、遠軽町、湧別町、上士幌町、上川町北見市
0%
音更町、芽室町、幕別町、中札内村、更別村、平取町、新冠町、日高町帯広市
0%
釧路町、白糠町、鶴居村、標茶町、弟子屈町、浦幌町、足寄町、津別町釧路市
0%
登別市、伊達市室蘭市
0%
鷹栖町、東神楽町、当麻町、東川町、比布町、美瑛町、深川市、和寒町、芦別市、幌加内町、上川町旭川市
0%
余市町、赤井川村、石狩市、札幌市小樽市
0%
新十津川町、上砂川町、滝川市、奈井江町、歌志内市、赤平市砂川市
0%
妹背牛町、秩父別町、沼田町、赤平市、滝川市、芦別市、旭川市、幌加内町、小平町深川市
0%
今金町、島牧村、八雲町せたな町
0%
知内町、北斗市、上ノ国町、厚沢部町木古内町
0%
せたな町、八雲町、島牧村、長万部町今金町
0%
厚沢部町、江差町、八雲町乙部町
0%
乙部町、江差町、上ノ国町、木古内町、森町、北斗市、八雲町厚沢部町
0%
江差町、厚沢部町、木古内町、知内町、福島町、松前町上ノ国町
0%
上ノ国町、厚沢部町、乙部町江差町
0%
黒松内町、豊浦町、八雲町、今金町、島牧村長万部町
0%
今金町、長万部町、森町、乙部町、せたな町、厚沢部町八雲町
0%
鹿部町、七飯町、八雲町、北斗市、厚沢部町森町
0%
七飯町、森町、函館市鹿部町
0%
木古内町、福島町、上ノ国町知内町
0%
中富良野町、上富良野町、南富良野町、芦別市富良野市
0%
松前町、知内町、上ノ国町福島町
0%
福島町、上ノ国町松前町
0%
岩見沢市、当別町、月形町、江別市新篠津村
0%
新篠津村、江別市、石狩市、月形町、札幌市、浦臼町、新十津川町当別町
0%
七飯町、函館市、木古内町、森町、厚沢部町北斗市
0%
札幌市、当別町、小樽市、新十津川町、増毛町石狩市
0%
長沼町、南幌町、恵庭市、江別市、札幌市北広島市
0%
壮瞥町、洞爺湖町、室蘭市、登別市、留寿都村、喜茂別町、白老町、千歳市、札幌市伊達市
0%
千歳市、北広島市、長沼町、札幌市恵庭市
0%
室蘭市、伊達市、壮瞥町、白老町登別市
0%
羽幌町、小平町、幌加内町苫前町
0%
羽幌町、遠別町初山別村
0%
山田町、岩泉町、大槌町、遠野市、盛岡市、花巻市宮古市
0%
中標津町、別海町、羅臼町、斜里町、清里町標津町
0%
田舎館村、黒石市、大鰐町、弘前市、青森市、小坂町、大館市、十和田市平川市
0%
東通村、横浜町、風間浦村、佐井村、大間町むつ市
0%
六戸町、おいらせ町、東北町、六ヶ所村三沢市
0%
つがる市、鶴田町、板柳町、中泊町、青森市、蓬田村、外ヶ浜町、今別町五所川原市
0%
田舎館村、平川市、藤崎町、青森市黒石市
0%
おいらせ町、階上町、五戸町、南部町、軽米町八戸市
0%
藤崎町、田舎館村、平川市、板柳町、大鰐町、西目屋村、鶴田町、つがる市、鰺ヶ沢町、大館市弘前市
0%
蓬田村、平内町、黒石市、五所川原市、藤崎町、板柳町、平川市、七戸町、十和田市青森市
0%
標津町、斜里町羅臼町
0%
標津町、別海町、標茶町、弟子屈町、清里町中標津町
0%
外ヶ浜町、青森市、中泊町、五所川原市蓬田村
0%
中標津町、標津町、浜中町、根室市、標茶町、厚岸町別海町
0%
標茶町、釧路市、釧路町、弟子屈町鶴居村
0%
標茶町、鶴居村、清里町、小清水町、中標津町、津別町、美幌町、釧路市弟子屈町
0%
弟子屈町、鶴居村、厚岸町、釧路町、釧路市、中標津町、別海町標茶町
0%
厚岸町、別海町、根室市浜中町
0%
浜中町、釧路町、標茶町、別海町厚岸町
0%
釧路市、鶴居村、厚岸町、標茶町釧路町
0%
豊頃町、池田町、本別町、白糠町、釧路市浦幌町
0%
本別町、上士幌町、陸別町、置戸町、白糠町、津別町、釧路市足寄町
0%
外ヶ浜町、五所川原市今別町
0%
蓬田村、中泊町、今別町、五所川原市外ヶ浜町
0%
浦幌町、池田町、幕別町、大樹町豊頃町
0%
六戸町、三沢市、五戸町、八戸市おいらせ町
0%
滝沢市、矢巾町、雫石町、紫波町、八幡平市、岩手町、花巻市、葛巻町、岩泉町、宮古市盛岡市
0%
三戸町、五戸町、南部町、十和田市、鹿角市新郷村
0%
洋野町、八戸市、軽米町階上町
0%
三戸町、五戸町、新郷村、軽米町、二戸市、八戸市南部町
0%
三戸町、二戸市、鹿角市、八幡平市田子町
0%
六戸町、おいらせ町、南部町、十和田市、新郷村、八戸市五戸町
0%
南部町、田子町、新郷村、二戸市、鹿角市三戸町
0%
むつ市、横浜町、六ヶ所村東通村
0%
風間浦村、佐井村、むつ市大間町
0%
七戸町、三沢市、十和田市、六戸町、野辺地町、六ヶ所村、平内町東北町
0%
つがる市、西目屋村、弘前市、深浦町、八峰町、藤里町鰺ヶ沢町
0%
おいらせ町、五戸町、三沢市、十和田市、東北町六戸町
0%
平内町、東北町、六ヶ所村、横浜町野辺地町
0%
五所川原市、つがる市、蓬田村、外ヶ浜町中泊町
0%
五所川原市、つがる市、板柳町、弘前市鶴田町
0%
藤崎町、鶴田町、弘前市、五所川原市、青森市板柳町
0%
黒石市、藤崎町、平川市、弘前市田舎館村
0%
平川市、弘前市、大館市大鰐町
0%
田舎館村、板柳町、弘前市、黒石市、青森市藤崎町
0%
弘前市、鰺ヶ沢町、藤里町、大館市西目屋村
0%
鰺ヶ沢町、八峰町深浦町
0%
足寄町、池田町、上士幌町、士幌町、浦幌町、白糠町本別町
0%
幕別町、豊頃町、音更町、浦幌町、本別町、士幌町池田町
0%
天塩町、初山別村、中川町、羽幌町、幌加内町遠別町
0%
斜里町、小清水町、弟子屈町、中標津町、標津町清里町
0%
滝上町、興部町、下川町、雄武町西興部村
0%
雄武町、西興部村、紋別市、滝上町興部町
0%
西興部村、紋別市、興部町、下川町、遠軽町、上川町、士別市滝上町
0%
遠軽町、佐呂間町、紋別市、北見市湧別町
0%
湧別町、佐呂間町、紋別市、滝上町、北見市、上川町遠軽町
0%
遠軽町、湧別町、北見市佐呂間町
0%
訓子府町、陸別町、北見市、足寄町、上士幌町置戸町
0%
置戸町、北見市、津別町、陸別町訓子府町
0%
清里町、斜里町、網走市、大空町、美幌町、弟子屈町小清水町
0%
清里町、小清水町、羅臼町、標津町斜里町
0%
美幌町、網走市、小清水町、北見市大空町
0%
美幌町、北見市、訓子府町、陸別町、弟子屈町、足寄町、釧路市津別町
0%
大空町、津別町、北見市、小清水町、弟子屈町美幌町
0%
豊富町、天塩町、中川町、中頓別町、猿払村、浜頓別町幌延町
0%
利尻町利尻富士町
0%
幌延町、稚内市、猿払村豊富町
0%
中頓別町、浜頓別町、音威子府村、雄武町、美深町枝幸町
0%
浜頓別町、枝幸町、中川町、音威子府村、幌延町中頓別町
0%
中頓別町、枝幸町、猿払村、幌延町浜頓別町
0%
浜頓別町、稚内市、豊富町、幌延町猿払村
0%
幌延町、遠別町、中川町天塩町
0%
興部町、西興部村、下川町、名寄市、枝幸町、美深町雄武町
0%
洞爺湖町、真狩村、ニセコ町、長万部町、蘭越町、黒松内町豊浦町
0%
池田町、帯広市、音更町、豊頃町、更別村、大樹町幕別町
0%
上士幌町、音更町、鹿追町、本別町、池田町士幌町
0%
大樹町、えりも町、様似町、浦河町広尾町
0%
更別村、広尾町、中札内村、豊頃町、幕別町、浦河町、新ひだか町大樹町
0%
中札内村、大樹町、帯広市、幕別町更別村
0%
更別村、大樹町、帯広市、新ひだか町、新冠町中札内村
0%
帯広市、音更町、清水町、鹿追町、日高町芽室町
0%
新得町、鹿追町、芽室町、南富良野町、日高町清水町
0%
清水町、鹿追町、南富良野町、上士幌町、上富良野町、美瑛町、上川町新得町
0%
新得町、清水町、音更町、芽室町、士幌町、上士幌町鹿追町
0%
士幌町、足寄町、本別町、鹿追町、新得町、置戸町、北見市、上川町上士幌町
0%
帯広市、芽室町、幕別町、士幌町、鹿追町、池田町音更町
0%
伊達市、洞爺湖町、登別市、白老町壮瞥町
0%
新冠町、浦河町、中札内村、大樹町新ひだか町
0%
浦河町、えりも町、広尾町様似町
0%
様似町、新ひだか町、広尾町、大樹町浦河町
0%
新ひだか町、日高町、平取町、中札内村、帯広市新冠町
0%
日高町、むかわ町、新冠町、占冠村、帯広市平取町
0%
平取町、むかわ町、新冠町、占冠村、南富良野町、清水町、芽室町、帯広市日高町
0%
日高町、平取町、厚真町、夕張市、占冠村むかわ町
0%
厚真町、千歳市、苫小牧市、由仁町安平町
0%
安平町、むかわ町、苫小牧市、由仁町、夕張市厚真町
0%
苫小牧市、登別市、壮瞥町、千歳市、伊達市白老町
0%
石岡市、茨城町、笠間市、かすみがうら市、鉾田市、行方市小美玉市
0%
ひたちなか市、水戸市、茨城町、鉾田市大洗町
0%
美濃市、富加町、坂祝町、美濃加茂市、山県市、各務原市、岐阜市、七宗町、本巣市、郡上市、下呂市、大野市関市
0%
上市町、魚津市、富山市滑川市
0%
野々市市、白山市、内灘町、津幡町、南砺市、小矢部市金沢市
0%
入善町、黒部市、糸魚川市、白馬村朝日町
0%
朝日町、黒部市入善町
0%
舟橋村、上市町、富山市、黒部市、大町市立山町
0%
舟橋村、立山町、滑川市、富山市、魚津市、黒部市上市町
0%
立山町、上市町、富山市舟橋村
0%
砺波市、小矢部市、金沢市、白山市、白川村、富山市、飛騨市南砺市
0%
砺波市、津幡町、南砺市、高岡市、金沢市小矢部市
0%
小矢部市、南砺市、高岡市、射水市、富山市砺波市
0%
高岡市、宝達志水町、中能登町、羽咋市、七尾市氷見市
0%
能美市、白山市、加賀市、勝山市小松市
0%
黒部市、滑川市、上市町魚津市
0%
射水市、氷見市、砺波市、小矢部市、宝達志水町、津幡町高岡市
0%
胎内市、小国町、村上市関川村
0%
栄村、十日町市、湯沢町津南町
0%
南魚沼市、津南町、栄村、十日町市、みなかみ町、中之条町湯沢町
0%
西会津町、金山町、五泉市、阿賀野市、新発田市、喜多方市、只見町、三条市阿賀町
0%
加茂市、五泉市、新潟市田上町
0%
燕市、長岡市、新潟市弥彦村
0%
新発田市、新潟市聖籠町
0%
中能登町、志賀町、氷見市、穴水町七尾市
0%
能登町、輪島市珠洲市
0%
十日町市、湯沢町、魚沼市、みなかみ町南魚沼市
0%
おおい町、若狭町、高島市小浜市
0%
高浜町、小浜市、綾部市、高島市、南丹市おおい町
0%
おおい町、舞鶴市、綾部市高浜町
0%
越前市、池田町、越前町、敦賀市、長浜市、揖斐川町南越前町
0%
福井市、坂井市、勝山市永平寺町
0%
あわら市、永平寺町、福井市、加賀市、勝山市坂井市
0%
坂井市、加賀市あわら市
0%
越前町、越前市、福井市、池田町鯖江市
0%
大野市、永平寺町、福井市、坂井市、加賀市、小松市、白山市勝山市
0%
勝山市、池田町、福井市、郡上市、揖斐川町、本巣市、白山市、関市、高山市大野市
0%
珠洲市、穴水町、輪島市能登町
0%
あわら市、小松市、坂井市、勝山市加賀市
0%
輪島市、七尾市、能登町、志賀町穴水町
0%
七尾市、志賀町、羽咋市、氷見市中能登町
0%
羽咋市、氷見市、かほく市、津幡町、高岡市宝達志水町
0%
中能登町、羽咋市、七尾市、穴水町、輪島市志賀町
0%
津幡町、かほく市、金沢市内灘町
0%
かほく市、内灘町、小矢部市、金沢市、宝達志水町、高岡市津幡町
0%
能美市、白山市川北町
0%
川北町、白山市、小松市能美市
0%
野々市市、川北町、能美市、金沢市、小松市、南砺市、白川村、勝山市、大野市、高山市白山市
0%
宝達志水町、志賀町、中能登町、氷見市羽咋市
0%
関川村、新発田市、村上市、小国町胎内市
0%
小千谷市、南魚沼市、十日町市、長岡市、只見町、三条市、檜枝岐村、片品村、みなかみ町魚沼市
0%
甲斐市、昭和町、笛吹市、中央市、山梨市、市川三郷町、北杜市、身延町、富士河口湖町、川上村甲府市
0%
逗子市、藤沢市、横浜市鎌倉市
0%
海老名市、大和市、藤沢市綾瀬市
0%
開成町、山北町、小田原市、箱根町、小山町南足柄市
0%
厚木市、平塚市、秦野市伊勢原市
0%
中井町、大井町、松田町、伊勢原市、山北町、平塚市、清川村、厚木市秦野市
0%
横須賀市三浦市
0%
葉山町、鎌倉市、横須賀市、横浜市逗子市
0%
寒川町、平塚市、藤沢市茅ヶ崎市
0%
箱根町、大井町、南足柄市、開成町、中井町、二宮町、真鶴町、湯河原町小田原市
0%
鎌倉市、茅ヶ崎市、寒川町、綾瀬市、海老名市、大和市、横浜市藤沢市
0%
大磯町、茅ヶ崎市、寒川町、伊勢原市、二宮町、中井町、厚木市、秦野市平塚市
0%
茅ヶ崎市、平塚市、厚木市、海老名市、藤沢市寒川町
0%
葉山町、逗子市、三浦市、横浜市横須賀市
0%
町田市、愛川町、座間市、八王子市、大和市、清川村、厚木市、上野原市、檜原村、道志村、山北町相模原市
0%
大田区、横浜市、世田谷区、狛江市、調布市、稲城市、町田市、多摩市川崎市
0%
檜原村、小菅村、丹波山村、青梅市、あきる野市、あきる野市、秩父市、飯能市奥多摩町
0%
奥多摩町、上野原市、あきる野市、八王子市、小菅村、相模原市檜原村
0%
あきる野市、青梅市日の出町
0%
武蔵野市、東久留米市、小金井市、小平市、新座市、練馬区西東京市
0%
福生市、瑞穂町、青梅市、あきる野市羽村市
0%
調布市、府中市、多摩市、川崎市稲城市
0%
逗子市、横須賀市葉山町
0%
平塚市、二宮町大磯町
0%
五泉市、新発田市、新潟市、阿賀町阿賀野市
0%
刈羽村、出雲崎町、長岡市、十日町市、上越市柏崎市
0%
妙高市、飯山市、栄村、糸魚川市、柏崎市、十日町市上越市
0%
阿賀野市、田上町、加茂市、三条市、新潟市、阿賀町五泉市
0%
上越市、飯山市、信濃町、糸魚川市、小谷村、長野市妙高市
0%
朝日町、小谷村、妙高市、上越市、白馬村糸魚川市
0%
弥彦村、三条市、長岡市、新潟市燕市
0%
関川村、胎内市、小国町、西川町、鶴岡市村上市
0%
長岡市、三条市見附市
0%
南魚沼市、津南町、小千谷市、魚沼市、湯沢町、栄村、柏崎市、長岡市、上越市十日町市
0%
田上町、三条市、五泉市、新潟市加茂市
0%
加茂市、燕市、見附市、五泉市、長岡市、新潟市、阿賀町、魚沼市、只見町三条市
0%
中井町、大磯町、平塚市、小田原市二宮町
0%
見附市、小千谷市、出雲崎町、刈羽村、三条市、燕市、魚沼市、弥彦村、柏崎市、十日町市、新潟市長岡市
0%
阿賀野市、聖籠町、五泉市、田上町、新発田市、加茂市、弥彦村、燕市、三条市、長岡市新潟市
0%
愛川町、厚木市、秦野市、相模原市、山北町清川村
0%
清川村、相模原市、厚木市愛川町
0%
湯河原町、小田原市真鶴町
0%
小田原市、湯河原町、南足柄市、御殿場市、小山町、裾野市、函南町、三島市箱根町
0%
松田町、南足柄市、大井町、山北町、小田原市開成町
0%
開成町、南足柄市、松田町、小山町、秦野市、道志村、山中湖村、清川村、相模原市山北町
0%
開成町、大井町、山北町、秦野市松田町
0%
二宮町、秦野市、大井町、小田原市、平塚市中井町
0%
美浜町、小浜市、高島市若狭町
0%
忍野村、富士河口湖町、西桂町、鳴沢村、山中湖村、都留市、小山町、富士宮市富士吉田市
0%
瑞穂町、東大和市、立川市、福生市、所沢市武蔵村山市
0%
下條村、飯田市、阿南町、平谷村、南木曽町、中津川市阿智村
0%
中川村、松川町、豊丘村、駒ヶ根市、飯田市、伊那市、静岡市大鹿村
0%
高森町、喬木村、松川町、飯田市、大鹿村豊丘村
0%
高森町、豊丘村、飯田市喬木村
0%
下條村、阿南町、天龍村、飯田市泰阜村
0%
阿南町、泰阜村、豊根村、飯田市、浜松市天龍村
0%
平谷村、阿南町、根羽村、豊根村売木村
0%
泰阜村、阿智村、阿南町、飯田市下條村
0%
平谷村、売木村、豊根村、設楽町、恵那市、豊田市根羽村
0%
根羽村、売木村、阿南町、阿智村、中津川市、恵那市平谷村
0%
天龍村、泰阜村、下條村、売木村、阿智村、平谷村、豊根村阿南町
0%
大桑村、中津川市、飯田市、阿智村南木曽町
0%
豊丘村、喬木村、松川町、飯田市高森町
0%
豊丘村、中川村、高森町、飯島町、大鹿村、飯田市松川町
0%
駒ヶ根市、伊那市、上松町、木曽町宮田村
0%
飯島町、松川町、大鹿村、駒ヶ根市中川村
0%
箕輪町、伊那市、辰野町、塩尻市南箕輪村
0%
中川村、駒ヶ根市、松川町、飯田市、大桑村飯島町
0%
南箕輪村、辰野町、伊那市、諏訪市箕輪町
0%
箕輪町、岡谷市、南箕輪村、諏訪市、塩尻市辰野町
0%
富士見町、茅野市原村
0%
木曽町、大桑村、王滝村、駒ヶ根市、宮田村上松町
0%
木曽町、朝日村、塩尻市、松本市木祖村
0%
立科町、上田市、松本市、下諏訪町、諏訪市、茅野市長和町
0%
小布施町、須坂市、中野市、山ノ内町、草津町、嬬恋村、中之条町高山村
0%
土岐市、可児市、瀬戸市、春日井市、犬山市多治見市
0%
安八町、神戸町、垂井町、養老町、瑞穂市、輪之内町、羽島市、池田町、関ケ原町、岐阜市、いなべ市、米原市、多賀町大垣市
0%
岐南町、笠松町、北方町、瑞穂市、各務原市、山県市、本巣市、羽島市、大垣市、関市岐阜市
0%
津南町、野沢温泉村、木島平村、湯沢町、十日町市、飯山市、山ノ内町、上越市、中之条町栄村
0%
信濃町、中野市、長野市、飯山市飯綱町
0%
白馬村、大町市、長野市小川村
0%
飯綱町、飯山市、中野市、長野市、妙高市信濃町
0%
木島平村、飯山市、栄村野沢温泉村
0%
飯山市、野沢温泉村、山ノ内町、中野市、栄村木島平村
0%
高山村、須坂市、中野市、長野市小布施町
0%
木曽町、上松町、大桑村、下呂市、中津川市王滝村
0%
上田市、千曲市坂城町
0%
池田町、大町市、安曇野市松川村
0%
松川村、生坂村、大町市、安曇野市池田町
0%
麻績村、生坂村、青木村、安曇野市、千曲市、松本市、上田市、長野市筑北村
0%
山形村、塩尻市、松本市、木祖村朝日村
0%
朝日村、松本市山形村
0%
池田町、筑北村、大町市、安曇野市、長野市生坂村
0%
筑北村、千曲市、長野市麻績村
0%
上松町、王滝村、木祖村、伊那市、宮田村、塩尻市、下呂市、松本市、高山市木曽町
0%
上松町、南木曽町、王滝村、飯島町、飯田市、駒ヶ根市、中津川市大桑村
0%
岡谷市、諏訪市、松本市、長和町下諏訪町
0%
筑北村、上田市、松本市青木村
0%
西桂町、大月市、富士吉田市、忍野村、道志村、富士河口湖町、山中湖村、上野原市都留市
0%
身延町、富士川町、南アルプス市、静岡市早川町
0%
鳴沢村、富士吉田市、西桂町、都留市、笛吹市、大月市、甲府市、身延町、富士宮市富士河口湖町
0%
富士河口湖町、富士吉田市、小山町、富士宮市鳴沢村
0%
富士吉田市、山中湖村、都留市忍野村
0%
富士吉田市、都留市、富士河口湖町西桂町
0%
都留市、上野原市、山北町、山中湖村、相模原市道志村
0%
中央市、甲斐市、甲府市、南アルプス市昭和町
0%
市川三郷町、南アルプス市、身延町、早川町富士川町
0%
富士宮市、身延町、静岡市南部町
0%
早川町、富士川町、市川三郷町、甲府市、南部町、富士河口湖町、富士宮市、静岡市身延町
0%
富士川町、中央市、南アルプス市、身延町、甲府市市川三郷町
0%
小菅村、奥多摩町、甲州市、秩父市丹波山村
0%
昭和町、市川三郷町、南アルプス市、甲府市中央市
0%
山梨市、笛吹市、丹波山村、小菅村、大月市、秩父市甲州市
0%
檜原村、道志村、大月市、奥多摩町、都留市、小菅村、相模原市上野原市
0%
甲府市、山梨市、甲州市、富士河口湖町、大月市笛吹市
0%
昭和町、甲府市、南アルプス市、韮崎市、北杜市甲斐市
0%
韮崎市、甲斐市、甲府市、南アルプス市、富士見町、川上村、南牧村、茅野市、伊那市北杜市
0%
中央市、富士川町、市川三郷町、昭和町、甲斐市、韮崎市、北杜市、早川町、伊那市、静岡市南アルプス市
0%
北杜市、甲斐市、南アルプス市韮崎市
0%
都留市、上野原市、小菅村、富士河口湖町、甲州市、笛吹市大月市
0%
甲州市、笛吹市、甲府市、川上村、秩父市山梨市
0%
丹波山村、奥多摩町、大月市、檜原村、甲州市、上野原市小菅村
0%
須坂市、小布施町、飯綱町、千曲市、信濃町、中野市、小川村、麻績村、上田市、小谷村、白馬村、筑北村、生坂村、大町市、妙高市長野市
0%
北斗市、七飯町、鹿部町函館市
0%
上田市、小諸市、立科町、佐久市、嬬恋村東御市
0%
小諸市、軽井沢町、佐久市、嬬恋村御代田町
0%
御代田町、佐久市、嬬恋村、長野原町、下仁田町、安中市、高崎市軽井沢町
0%
小海町、佐久市、北相木村、南牧村、上野村、茅野市佐久穂町
0%
南相木村、小海町、佐久穂町、上野村北相木村
0%
北相木村、南牧村、川上村、小海町、上野村南相木村
0%
南相木村、小海町、川上村、北杜市、茅野市南牧村
0%
南相木村、南牧村、上野村、北杜市、山梨市、甲府市、秩父市川上村
0%
佐久穂町、北相木村、南牧村、南相木村、茅野市小海町
0%
松本市、池田町、生坂村、松川村、筑北村、大町市安曇野市
0%
御代田町、小諸市、小諸市、立科町、軽井沢町、東御市、南牧村、下仁田町、茅野市佐久市
0%
東御市、坂城町、青木村、長和町、立科町、千曲市、筑北村、長野市、須坂市、嬬恋村、松本市上田市
0%
朝日村、岡谷市、松本市、辰野町、木祖村、南箕輪村、伊那市、木曽町塩尻市
0%
諏訪市、原村、富士見町、伊那市、南牧村、小海町、長和町、立科町、北杜市、佐久穂町、佐久市茅野市
0%
松川村、池田町、生坂村、小川村、白馬村、安曇野市、松本市、長野市、立山町、黒部市、富山市、高山市大町市
0%
山ノ内町、高山村、小布施町、飯綱町、飯山市、木島平村、信濃町、長野市中野市
0%
宮田村、飯島町、中川村、伊那市、大鹿村、上松町、大桑村駒ヶ根市
0%
南箕輪村、宮田村、箕輪町、駒ヶ根市、木曽町、茅野市、富士見町、諏訪市、大鹿村、塩尻市、北杜市、南アルプス市、静岡市伊那市
0%
小布施町、高山村、長野市、嬬恋村、上田市須坂市
0%
下諏訪町、茅野市、岡谷市、辰野町、箕輪町、伊那市、長和町諏訪市
0%
喬木村、高森町、豊丘村、阿智村、松川町、下條村、泰阜村、飯島町、大鹿村、南木曽町、大桑村、天龍村、川根本町、静岡市、浜松市飯田市
0%
下諏訪町、諏訪市、塩尻市、辰野町、松本市岡谷市
0%
府中市、稲城市、日野市、町田市、八王子市、川崎市多摩市
0%
清瀬市、西東京市、新座市、東村山市、小平市東久留米市
0%
常陸大宮市、那珂市、水戸市、笠間市、茂木町城里町
0%
ふじみ野市、川島町、坂戸市、鶴ヶ島市、富士見市、狭山市、上尾市、三芳町、日高市、所沢市、さいたま市川越市
0%
明和町、加須市、板倉町、行田市羽生市
0%
入間市、飯能市、所沢市、日高市、川越市狭山市
0%
滑川町、吉見町、嵐山町、鳩山町、川島町、坂戸市、熊谷市東松山市
0%
羽生市、久喜市、鴻巣市、板倉町、行田市、古河市、栃木市加須市
0%
日高市、入間市、狭山市、青梅市、毛呂山町、越生町、ときがわ町、奥多摩町、横瀬町、秩父市飯能市
0%
横瀬町、皆野町、小鹿野町、東秩父村、ときがわ町、奥多摩町、神流町、神川町、飯能市、丹波山村、上野村、藤岡市、甲州市、川上村、山梨市秩父市
0%
熊谷市、千代田町、羽生市、鴻巣市、明和町、加須市行田市
0%
戸田市、蕨市、北区、草加市、足立区、さいたま市、越谷市川口市
0%
行田市、千代田町、滑川町、深谷市、大泉町、東松山市、嵐山町、吉見町、鴻巣市、太田市熊谷市
0%
蕨市、戸田市、志木市、朝霞市、富士見市、川口市、越谷市、上尾市、蓮田市、春日部市、川越市、白岡市さいたま市
0%
美里町、本庄市、熊谷市、寄居町、太田市、伊勢崎市、嵐山町深谷市
0%
千代田町、大泉町、館林市、太田市、足利市邑楽町
0%
千代田町、邑楽町、太田市、熊谷市大泉町
0%
邑楽町、大泉町、明和町、行田市、熊谷市、館林市千代田町
0%
藤岡市、上里町、伊勢崎市、本庄市、高崎市、前橋市玉村町
0%
沼田市、高山村、川場村、中之条町、片品村、湯沢町、南魚沼市、魚沼市みなかみ町
0%
沼田市、みなかみ町、片品村川場村
0%
川場村、沼田市、みなかみ町、檜枝岐村、日光市、魚沼市片品村
0%
中之条町、長野原町、渋川市、高崎市東吾妻町
0%
みなかみ町、沼田市、中之条町、渋川市高山村
0%
北本市、吉見町、桶川市、行田市、加須市、久喜市、熊谷市鴻巣市
0%
伊奈町、桶川市、蓮田市、川島町、川越市、さいたま市上尾市
0%
長野原町、草津町、軽井沢町、御代田町、小諸市、高山村、須坂市、東御市、上田市嬬恋村
0%
白岡市、伊奈町、上尾市、久喜市、桶川市、さいたま市蓮田市
0%
越生町、日高市、鳩山町、坂戸市、飯能市毛呂山町
0%
富士見市、志木市、新座市、ふじみ野市、所沢市、川越市三芳町
0%
蓮田市、上尾市、桶川市伊奈町
0%
蓮田市、宮代町、久喜市、春日部市、さいたま市白岡市
0%
富士見市、三芳町、川越市ふじみ野市
0%
毛呂山町、鶴ヶ島市、飯能市、坂戸市、狭山市、川越市日高市
0%
坂戸市、日高市、川越市鶴ヶ島市
0%
五霞町、久喜市、杉戸町、野田市幸手市
0%
鶴ヶ島市、鳩山町、日高市、毛呂山町、川越市、川島町、東松山市坂戸市
0%
八潮市、流山市、松戸市、草加市、吉川市、葛飾区三郷市
0%
八潮市、足立区、三郷市、越谷市、川口市、吉川市草加市
0%
志木市、ふじみ野市、三芳町、さいたま市、川越市富士見市
0%
草加市、三郷市、足立区、葛飾区八潮市
0%
桶川市、鴻巣市、川島町、吉見町北本市
0%
北本市、上尾市、伊奈町、川島町、鴻巣市、蓮田市、久喜市桶川市
0%
朝霞市、清瀬市、志木市、東久留米市、三芳町、西東京市、所沢市、練馬区新座市
0%
和光市、新座市、志木市、戸田市、さいたま市、練馬区朝霞市
0%
狭山市、飯能市、瑞穂町、所沢市、青梅市入間市
0%
蕨市、川口市、さいたま市、和光市、板橋区、朝霞市、北区戸田市
0%
戸田市、川口市、さいたま市蕨市
0%
松伏町、吉川市、草加市、春日部市、川口市、さいたま市越谷市
0%
長野原町、嬬恋村、高山村、中之条町草津町
0%
草津町、嬬恋村、東吾妻町、中之条町、軽井沢町、高崎市長野原町
0%
嵐山町、東松山市、熊谷市滑川町
0%
小山市、壬生町、下野市、佐野市、野木町、鹿沼市、板倉町、古河市、加須市栃木市
0%
壬生町、上三川町、小山市、栃木市、真岡市、宇都宮市下野市
0%
那珂川町、市貝町、茂木町、高根沢町、さくら市、常陸大宮市那須烏山市
0%
高根沢町、矢板市、塩谷町、宇都宮市、那須烏山市、那珂川町、大田原市さくら市
0%
那須町、大田原市、矢板市、西郷村、塩谷町、南会津町、下郷町、日光市那須塩原市
0%
益子町、上三川町、芳賀町、市貝町、桜川市、下野市、筑西市、宇都宮市、小山市真岡市
0%
結城市、栃木市、下野市、野木町、古河市、筑西市、真岡市小山市
0%
塩谷町、鹿沼市、宇都宮市、那須塩原市、片品村、檜枝岐村、みどり市、南会津町、沼田市日光市
0%
宇都宮市、壬生町、日光市、栃木市、佐野市、みどり市鹿沼市
0%
館林市、板倉町、足利市、栃木市、桐生市、みどり市、鹿沼市佐野市
0%
鹿沼市、高根沢町、上三川町、壬生町、芳賀町、さくら市、真岡市、下野市、日光市、塩谷町宇都宮市
0%
真岡市、市貝町、茂木町、桜川市益子町
0%
印西市、龍ケ崎市、栄町、河内町、我孫子市、取手市利根町
0%
五霞町、古河市、坂東市、野田市境町
0%
幸手市、境町、古河市、久喜市、野田市五霞町
0%
下妻市、結城市、古河市、坂東市、筑西市、常総市八千代町
0%
栄町、龍ケ崎市、利根町、稲敷市、成田市、神崎町河内町
0%
土浦市、牛久市、美浦村、稲敷市、かすみがうら市阿見町
0%
稲敷市、阿見町、行方市、かすみがうら市美浦村
0%
矢祭町、那珂川町、常陸大宮市、常陸太田市、棚倉町、大田原市大子町
0%
那珂市、ひたちなか市、日立市東海村
0%
下野市、真岡市、宇都宮市上三川町
0%
市貝町、益子町、那須烏山市、城里町、常陸大宮市、笠間市、桜川市茂木町
0%
東吾妻町、高山村、みなかみ町、長野原町、渋川市、草津町、湯沢町、山ノ内町、高山村、栄村中之条町
0%
昭和村、みなかみ町、川場村、高山村、渋川市、片品村、前橋市、みどり市、桐生市、日光市沼田市
0%
下仁田町、上野村、神流町、佐久穂町、佐久市南牧村
0%
南牧村、富岡市、甘楽町、安中市、神流町、軽井沢町、藤岡市、佐久市下仁田町
0%
南牧村、神流町、小鹿野町、北相木村、南相木村、川上村、佐久穂町、秩父市上野村
0%
榛東村、渋川市、前橋市吉岡町
0%
吉岡町、渋川市、前橋市、高崎市榛東村
0%
富岡市、高崎市、下仁田町、軽井沢町安中市
0%
神川町、玉村町、上里町、高崎市、甘楽町、神流町、下仁田町、秩父市藤岡市
0%
吉岡町、榛東村、前橋市、高山村、沼田市、昭和村、中之条町、東吾妻町、高崎市渋川市
0%
明和町、板倉町、邑楽町、佐野市、千代田町、足利市館林市
0%
大泉町、足利市、邑楽町、桐生市、深谷市、みどり市、熊谷市、伊勢崎市太田市
0%
芳賀町、茂木町、益子町、那須烏山市、真岡市、高根沢町市貝町
0%
玉村町、本庄市、みどり市、前橋市、深谷市、桐生市、太田市伊勢崎市
0%
みどり市、足利市、太田市、伊勢崎市、前橋市、佐野市、沼田市桐生市
0%
前橋市、藤岡市、玉村町、安中市、甘楽町、富岡市、榛東村、上里町、渋川市、東吾妻町、軽井沢町、長野原町高崎市
0%
吉岡町、高崎市、榛東村、玉村町、渋川市、伊勢崎市、桐生市、沼田市前橋市
0%
那須烏山市、大子町、さくら市、大田原市、常陸大宮市那珂川町
0%
那須塩原市、西郷村、白河市、大田原市、棚倉町那須町
0%
さくら市、芳賀町、宇都宮市、市貝町、那須烏山市高根沢町
0%
矢板市、さくら市、日光市、宇都宮市、那須塩原市塩谷町
0%
古河市、小山市、栃木市野木町
0%
市貝町、高根沢町、真岡市、宇都宮市芳賀町
0%
毛呂山町、鳩山町、ときがわ町、飯能市越生町
0%
滑川町、小川町、ときがわ町、東松山市、鳩山町、熊谷市、寄居町、深谷市嵐山町
0%
東久留米市、新座市、所沢市、東村山市清瀬市
0%
港区、千代田区、江東区、台東区、墨田区中央区
0%
目黒区、新宿区、世田谷区、港区、中野区、品川区、杉並区渋谷区
0%
目黒区、渋谷区、杉並区、狛江市、三鷹市、調布市、大田区、川崎市世田谷区
0%
川崎市、品川区、目黒区、世田谷区、江東区大田区
0%
目黒区、大田区、港区、渋谷区、江東区品川区
0%
中央区、墨田区、江戸川区、港区、品川区、大田区江東区
0%
台東区、荒川区、江東区、中央区、葛飾区、江戸川区、足立区墨田区
0%
墨田区、文京区、荒川区、千代田区、中央区台東区
0%
千代田区、台東区、豊島区、荒川区、新宿区、北区文京区
0%
中央区、千代田区、渋谷区、品川区、新宿区、江東区港区
0%
文京区、中央区、台東区、港区、新宿区千代田区
0%
中野区、練馬区、世田谷区、武蔵野市、渋谷区、三鷹市杉並区
0%
南房総市、富津市、鴨川市鋸南町
0%
勝浦市、いすみ市御宿町
0%
睦沢町、長南町、いすみ市、勝浦市、鴨川市、市原市、君津市大多喜町
0%
長柄町、茂原市、睦沢町、大多喜町、市原市長南町
0%
長南町、茂原市、市原市長柄町
0%
長生村、茂原市、大網白里市白子町
0%
一宮町、白子町、茂原市、睦沢町長生村
0%
長生村、睦沢町、いすみ市一宮町
0%
匝瑳市、多古町、芝山町、山武市横芝光町
0%
杉並区、練馬区、新宿区、豊島区、渋谷区中野区
0%
板橋区、北区、新宿区、文京区、中野区、練馬区豊島区
0%
神栖市、旭市、香取市、銚子市東庄町
0%
稲城市、狛江市、三鷹市、府中市、小金井市、世田谷区、川崎市調布市
0%
武蔵村山市、立川市、東村山市、小平市、所沢市東大和市
0%
調布市、世田谷区、川崎市狛江市
0%
あきる野市、羽村市、昭島市、瑞穂町、武蔵村山市、立川市、八王子市福生市
0%
国分寺市、府中市、日野市、立川市国立市
0%
小平市、東大和市、所沢市、東久留米市、清瀬市東村山市
0%
国立市、立川市、昭島市、多摩市、八王子市、府中市日野市
0%
国分寺市、東村山市、小金井市、東大和市、西東京市、東久留米市、立川市小平市
0%
国分寺市、小平市、府中市、西東京市、三鷹市、武蔵野市、調布市小金井市
0%
相模原市、大和市、多摩市、八王子市、横浜市、川崎市町田市
0%
福生市、立川市、日野市、八王子市昭島市
0%
板橋区、豊島区、荒川区、文京区、川口市、足立区、戸田市北区
0%
国立市、小金井市、稲城市、多摩市、国分寺市、調布市、日野市府中市
0%
羽村市、日の出町、あきる野市、瑞穂町、飯能市、入間市、奥多摩町青梅市
0%
武蔵野市、調布市、小金井市、杉並区、世田谷区三鷹市
0%
西東京市、三鷹市、小金井市、杉並区、練馬区武蔵野市
0%
東大和市、国立市、武蔵村山市、日野市、昭島市、国分寺市、小平市、福生市立川市
0%
昭島市、日野市、あきる野市、福生市、相模原市、多摩市、檜原村、町田市八王子市
0%
江戸川区、足立区、墨田区、松戸市、八潮市、三郷市葛飾区
0%
荒川区、葛飾区、草加市、八潮市、北区、墨田区、川口市足立区
0%
中野区、杉並区、板橋区、豊島区、和光市、武蔵野市、朝霞市、新座市、西東京市練馬区
0%
北区、豊島区、練馬区、戸田市、和光市板橋区
0%
東金市、山武市、大網白里市九十九里町
0%
芝山町、横芝光町、匝瑳市、成田市、香取市多古町
0%
嵐山町、東秩父村、ときがわ町、寄居町小川町
0%
美里町、東秩父村、長瀞町、小川町、皆野町、深谷市、嵐山町寄居町
0%
松伏町、吉川市、守谷市、坂東市、春日部市、流山市、常総市、柏市、杉戸町、境町、幸手市、五霞町野田市
0%
三郷市、葛飾区、流山市、市川市、鎌ケ谷市、江戸川区、柏市松戸市
0%
袖ケ浦市、君津市、市原市木更津市
0%
南房総市館山市
0%
船橋市、江戸川区、松戸市、浦安市、鎌ケ谷市市川市
0%
四街道市、習志野市、市原市、八千代市、佐倉市、八街市、大網白里市、東金市、茂原市千葉市
0%
越谷市、吉川市、野田市、春日部市松伏町
0%
宮代町、春日部市、幸手市、久喜市、野田市杉戸町
0%
杉戸町、白岡市、春日部市、久喜市宮代町
0%
本庄市、神川町、藤岡市、玉村町、高崎市上里町
0%
富里市、酒々井町、栄町、芝山町、河内町、多古町、神崎町、印西市、香取市成田市
0%
藤岡市、上里町、本庄市、皆野町、秩父市神川町
0%
寄居町、本庄市、深谷市、長瀞町美里町
0%
小川町、寄居町、皆野町、ときがわ町、秩父市東秩父村
0%
秩父市、神流町、上野村小鹿野町
0%
皆野町、寄居町、美里町、本庄市長瀞町
0%
長瀞町、東秩父村、秩父市、寄居町、神川町、本庄市皆野町
0%
秩父市、ときがわ町、飯能市横瀬町
0%
鳩山町、越生町、嵐山町、小川町、東秩父村、飯能市、横瀬町、秩父市ときがわ町
0%
越生町、ときがわ町、毛呂山町、坂戸市、嵐山町、東松山市鳩山町
0%
東松山市、川島町、鴻巣市、北本市、熊谷市吉見町
0%
長柄町、長生村、長南町、睦沢町、白子町、大網白里市、市原市、千葉市茂原市
0%
酒々井町、四街道市、八街市、八千代市、印西市、千葉市佐倉市
0%
香取市、稲敷市、河内町、成田市神崎町
0%
富里市、酒々井町、佐倉市、山武市、東金市、千葉市八街市
0%
河内町、印西市、利根町、成田市栄町
0%
佐倉市、富里市、成田市、八街市、印西市酒々井町
0%
御宿町、勝浦市、大多喜町、一宮町、睦沢町いすみ市
0%
東金市、九十九里町、芝山町、横芝光町、八街市、富里市山武市
0%
潮来市、神崎町、神栖市、東庄町、多古町、稲敷市、成田市、匝瑳市、旭市香取市
0%
横芝光町、旭市、多古町、香取市匝瑳市
0%
成田市、酒々井町、八街市、芝山町、山武市富里市
0%
鎌ケ谷市、八千代市、印西市、柏市、船橋市白井市
0%
利根町、栄町、白井市、我孫子市、八千代市、佐倉市、柏市、酒々井町、成田市印西市
0%
佐倉市、千葉市四街道市
0%
大網白里市、山武市、九十九里町、八街市、千葉市東金市
0%
江戸川区、市川市浦安市
0%
君津市、鋸南町、鴨川市富津市
0%
富津市、木更津市、市原市、鴨川市、大多喜町君津市
0%
勝浦市、大多喜町、鋸南町、南房総市、君津市、富津市鴨川市
0%
柏市、取手市、利根町、印西市我孫子市
0%
習志野市、白井市、船橋市、佐倉市、千葉市、印西市八千代市
0%
三郷市、吉川市、柏市、松戸市、野田市流山市
0%
千葉市、長柄町、袖ケ浦市、長南町、茂原市、木更津市、大多喜町、君津市市原市
0%
御宿町、いすみ市、大多喜町、鴨川市勝浦市
0%
我孫子市、流山市、取手市、守谷市、鎌ケ谷市、松戸市、白井市、野田市、印西市柏市
0%
南風原町、豊見城市、南城市、糸満市八重瀬町
0%

Score Distribution

Percentile by Number Answered

Percent of People with Each Score

Your Score History

You have not taken this quiz since the last reset